{"text_format":"2","workbook":"xlsx","n_sheets":5,"sheets":["ORÇAMENTO","CPU","BDI SERV","BDI FORN","CRONOGRAMA"],"not_rendered":{"charts":0,"images":2,"macros":0,"external_links":0,"defined_names":5,"comments":1,"pivot_tables":0},"unopened":[],"bounds":{"document_bytes":16777216,"sheet_cells":100000,"run_cost":"one","rows_first":2000,"rows_last":500,"rows_between":2000,"halvings":0,"cell_chars":16384,"cell_head_chars":4096},"cells_cut":0,"cells_raw":0,"read":"whole","date_system":"1900"}

{"sheet":"ORÇAMENTO","index":0,"n_rows":37,"n_cols":9,"rows_kept":37,"cut":false,"hidden":false,"merged":[[6,1,6,2],[6,6,6,7],[36,1,36,2],[0,0,7,0],[0,2,0,8],[1,2,1,8],[2,2,2,8],[4,2,4,8],[5,6,5,7]]}
["<---- NUMERAR SERVIÇOS PARA CPU",null,"Ministério do Desenvolvimento Regional"]
[null,null,"Companhia de Desenvolvimento dos Vales do São Francisco e do Parnaíba"]
[null,null,"1ª Superintendência Regional"]
[]
[null,"OBRA: "," PAVIMENTAÇÃO ASFÁLTICA EM CBUQ - VIAS DIVERSAS - BAIRRO CINQUENTENÁRIO (PIRAPORA / MG)"]
[null,"DATA:"," AGOSTO / 2023   ",null,null,null,"BDI Serviços:",null,{"$f":"'BDI SERV'!D31/100","v":0.21350000000000002}]
[null,"PRAZO DE EXECUÇÃO:     180 DIAS",{"$nulls":4},"BDI Serviços:",null,{"$f":"'BDI FORN'!D31/100","v":0.15}]
[null,"ITEM","DISCRIMINAÇÃO","REFER.","UNID.","QUANT.","P. UNITÁRIO","P.UNIT.C/ BDI","P. TOTAL"]
["A",1,"SERVIÇOS PRELIMINARES ",{"$nulls":5},{"$f":"SUM(I10:I14)","v":198625.20999999996}]
[1,"1.1","MOBILIZAÇÃO E DESMOBILIZAÇÃO","CPU.1","GL",1,{"$f":"VLOOKUP(A10,CPU!$A$1:$N$4671,9)","v":17031.18},{"$f":"VLOOKUP(A10,CPU!$A$1:$N$4671,10)","v":20667.34},{"$f":"ROUND(F10*H10,2)","v":20667.34}]
[2,"1.2","ADMINISTRAÇÃO LOCAL","CPU.2","GL",1,{"$f":"VLOOKUP(A11,CPU!$A$1:$N$4671,9)","v":125308.5},{"$f":"VLOOKUP(A11,CPU!$A$1:$N$4671,10)","v":152061.85999999999},{"$f":"ROUND(F11*H11,2)","v":152061.85999999999}]
[3,"1.3","CANTEIRO DE OBRAS","CPU.3","GL",1,{"$f":"VLOOKUP(A12,CPU!$A$1:$N$4671,9)","v":18107.399999999998},{"$f":"VLOOKUP(A12,CPU!$A$1:$N$4671,10)","v":21973.33},{"$f":"ROUND(F12*H12,2)","v":21973.33}]
[4,"1.4","PLACA DE OBRA EM CHAPA DE AÇO GALVANIZADO",103689,"M2",6,{"$f":"VLOOKUP(A13,CPU!$A$1:$N$4671,9)","v":340.97999999999996},{"$f":"VLOOKUP(A13,CPU!$A$1:$N$4671,10)","v":413.78},{"$f":"ROUND(F13*H13,2)","v":2482.6799999999998}]
[5,"1.5","LOCAÇÃO DE PAVIMENTAÇÃO",99064,"M",1800,{"$f":"VLOOKUP(A14,CPU!$A$1:$N$4671,9)","v":0.66},{"$f":"VLOOKUP(A14,CPU!$A$1:$N$4671,10)","v":0.8},{"$f":"ROUND(F14*H14,2)","v":1440}]
["B",2,"TERRAPLANAGEM E PAVIMENTAÇÃO",{"$nulls":5},{"$f":"SUM(I16:I22)","v":428939.4}]
[6,"2.1","ESCAVAÇÃO HORIZONTAL EM SOLO DE 1A CATEGORIA ",101116,"M3",4400,{"$f":"VLOOKUP(A16,CPU!$A$1:$N$4671,9)","v":1.87},{"$f":"VLOOKUP(A16,CPU!$A$1:$N$4671,10)","v":2.27},{"$f":"ROUND(F16*H16,2)","v":9988}]
[7,"2.2","CARGA, MANOBRA E DESCARGA DE SOLOS E MATERIAIS GRANULARES EM CAMINHÃO BASCULANTE",100976,"M3",4400,{"$f":"VLOOKUP(A17,CPU!$A$1:$N$4671,9)","v":6.49},{"$f":"VLOOKUP(A17,CPU!$A$1:$N$4671,10)","v":7.88},{"$f":"ROUND(F17*H17,2)","v":34672}]
[8,"2.3","REGULARIZAÇÃO E COMPACTAÇÃO DO SUBLEITO ",100577,"M2",14400,{"$f":"VLOOKUP(A18,CPU!$A$1:$N$4671,9)","v":1.08},{"$f":"VLOOKUP(A18,CPU!$A$1:$N$4671,10)","v":1.31},18864]
[9,"2.4","EXECUÇÃO E COMPACTAÇÃO DE BASE E OU SUB-BASE PARA PAVIMENTAÇÃO DE SOLO BRITA - 50/50 - EXCLUSIVE SOLO, ESCAVAÇÃO, CARGA E TRANSPORTE",100565,"M3",2160,{"$f":"VLOOKUP(A19,CPU!$A$1:$N$4671,9)","v":96.6},{"$f":"VLOOKUP(A19,CPU!$A$1:$N$4671,10)","v":117.22},253195.2]
[10,"2.5","IMPRIMAÇÃO COM EMULSÃO ASFÁLTICA (EAI)",96401,"M2",14400,{"$f":"VLOOKUP(A20,CPU!$A$1:$N$4671,9)","v":1.1100000000000001},{"$f":"VLOOKUP(A20,CPU!$A$1:$N$4671,10)","v":1.35},19440]
[11,"2.6","PINTURA DE LIGAÇÃO COM EMULSÃO ASFÁLTICA RR-2C",96402,"M2",12800,{"$f":"VLOOKUP(A21,CPU!$A$1:$N$4671,9)","v":0.91000000000000014},{"$f":"VLOOKUP(A21,CPU!$A$1:$N$4671,10)","v":1.1000000000000001},14080]
[12,"2.7","EXECUÇÃO DE PAVIMENTO COM APLICAÇÃO DE CONCRETO ASFÁLTICO USINADO A QUENTE (CBUQ), CAMADA DE ROLAMENTO - EXCLUSIVE TRANSPORTE",95995,"M3",580,{"$f":"VLOOKUP(A22,CPU!$A$1:$N$4671,9)","v":111.82000000000001},{"$f":"VLOOKUP(A22,CPU!$A$1:$N$4671,10)","v":135.69},78700.2]
["C",3,"TRANSPORTE DE MATERIAIS",{"$nulls":5},{"$f":"SUM(I24:I27)","v":447908}]
[13,"3.1","TRANSPORTE COM CAMINHÃO BASCULANTE, EM VIA URBANA PAVIMENTADA",95877,"M3XKM",104000.003,{"$f":"VLOOKUP(A24,CPU!$A$1:$N$4671,9)","v":1.6199999999999999},{"$f":"VLOOKUP(A24,CPU!$A$1:$N$4671,10)","v":1.97},{"$f":"ROUND(F24*H24,2)","v":204880.01}]
[13.5,"3.2","TRANSPORTE COM CAMINHÃO BASCULANTE, EM VIA URBANA PAVIMENTADA - ADICIONAL PARA DMT EXCEDENTE A 30KM",95427,"M3XKM",296000,{"$f":"VLOOKUP(A25,CPU!$A$1:$N$4671,9)","v":0.65999999999999992},{"$f":"VLOOKUP(A25,CPU!$A$1:$N$4671,10)","v":0.8},{"$f":"ROUND(F25*H25,2)","v":236800}]
[14,"3.3","TRANSPORTE COM CAMINHÃO CARROCERIA 9T, EM VIA URBANA PAVIMENTADA",100947,"TXKM",699.99550720000013,{"$f":"VLOOKUP(A26,CPU!$A$1:$N$4671,9)","v":1.93},{"$f":"VLOOKUP(A26,CPU!$A$1:$N$4671,10)","v":2.34},{"$f":"ROUND(F26*H26,2)","v":1637.99}]
[15,"3.4","TRANSPORTE COM CAMINHÃO TANQUE DE TRANSPORTE DE MATERIAL ASFÁLTICO DE 30000 L, EM VIA URBANA PAVIMENTADA (BDI DIFERENCIADO)",102331,"TXKM",8500,{"$f":"VLOOKUP(A27,CPU!$A$1:$N$4671,9)","v":0.47},{"$f":"VLOOKUP(A27,CPU!$A$1:$N$4671,10)","v":0.54},{"$f":"ROUND(F27*H27,2)","v":4590}]
["D",4,"OBRAS COMPLEMENTARES",{"$nulls":5},{"$f":"SUM(I29:I32)","v":314195.12}]
[16,"4.1","GUIA (MEIO-FIO) E SARJETA CONJUGADOS DE CONCRETO, MOLDADA IN LOCO COM EXTRUSORA, 45 CM BASE (15 CM BASE DA GUIA + 30 CM BASE DA SARJETA) X 22 CM ALTURA",94267,"M",3600,{"$f":"VLOOKUP(A29,CPU!$A$1:$N$4671,9)","v":57.379999999999988},{"$f":"VLOOKUP(A29,CPU!$A$1:$N$4671,10)","v":69.63},{"$f":"ROUND(F29*H29,2)","v":250668}]
[17,"4.2","FORNECIMENTO E INSTALAÇÃO DE PLACA DE SINALIZAÇÃO VIÁRIA - REGULAMENTAÇÃO OCTOGONAL (PARE) 0,60MX0,60M","CPU.4","UN.",14,{"$f":"VLOOKUP(A30,CPU!$A$1:$N$4671,9)","v":444.46000000000004},{"$f":"VLOOKUP(A30,CPU!$A$1:$N$4671,10)","v":539.35},{"$f":"ROUND(F30*H30,2)","v":7550.9}]
[18,"4.3","FORNECIMENTO E INSTALAÇÃO DE PLACA DE IDENTIFICACAO DE RUA EM CHAPA DE AÇO PINTADA COM PELÍCULA DE ALTA INTENSIDADE, 45 CM X 20 CM - INCLUSIVE SUPORTE DE MADEIRA, CONFORME PROJETO (02 PLACAS POR SUPORTE)                                  ","CPU.5","UN.",14,{"$f":"VLOOKUP(A31,CPU!$A$1:$N$4671,9)","v":234.21999999999997},{"$f":"VLOOKUP(A31,CPU!$A$1:$N$4671,10)","v":284.23},{"$f":"ROUND(F31*H31,2)","v":3979.22}]
[19,"4.4","PINTURA DE FAIXA COM TINTA ACRÍLICA - ESPESSURA DE 0,10 MM",5213401,"M2",1100,{"$f":"VLOOKUP(A32,CPU!$A$1:$N$4671,9)","v":38.950000000000003},{"$f":"VLOOKUP(A32,CPU!$A$1:$N$4671,10)","v":47.27},{"$f":"ROUND(F32*H32,2)","v":51997}]
["E",5,"FORNECIMENTOS - MATERIAL ASFÁLTICO (BDI DIFERENCIADO)",{"$nulls":5},{"$f":"SUM(I34:I36)","v":1105887.8899999999}]
[20,"5.1","AQUISIÇÃO DE EMULSÃO ASFÁLTICA PARA IMPRIMAÇÃO (EAI) - EXCLUSIVE TRANSPORTE","CPU.6","T",20,{"$f":"VLOOKUP(A34,CPU!$A$1:$N$4671,9)","v":2272.33},{"$f":"VLOOKUP(A34,CPU!$A$1:$N$4671,10)","v":2613.1799999999998},{"$f":"ROUND(F34*H34,2)","v":52263.6}]
[21,"5.2","AQUISIÇÃO DE EMULSAO ASFALTICA CATIONICA RR-2C - EXCLUSIVE TRANSPORTE","CPU.7","T",6,{"$f":"VLOOKUP(A35,CPU!$A$1:$N$4671,9)","v":3322.69},{"$f":"VLOOKUP(A35,CPU!$A$1:$N$4671,10)","v":3821.09},{"$f":"ROUND(F35*H35,2)","v":22926.54}]
[22,"5.3","AQUISIÇÃO DE CONCRETO BETUMINOSO USINADO A QUENTE (CBUQ) PARA PAVIMENTACAO ASFALTICA, PADRAO DNIT, FAIXA C, COM CAP 50/70 - EXCLUSIVE TRANSPORTE","CPU.8","T",1500.0040000000001,{"$f":"VLOOKUP(A36,CPU!$A$1:$N$4671,9)","v":597.5},{"$f":"VLOOKUP(A36,CPU!$A$1:$N$4671,10)","v":687.13},1030697.75]
[null,"TOTAL GERAL DA OBRA COM BDI ",{"$nulls":6},{"$f":"SUM(I9,I15,I23,I28,I33)","v":2495555.62}]

{"sheet":"CPU","index":1,"n_rows":368,"n_cols":13,"rows_kept":368,"cut":false,"hidden":false,"merged":[[345,0,355,0],[357,0,367,0],[15,8,16,9],[34,8,35,9],[279,0,295,0],[279,1,279,3],[279,4,279,7],[280,2,280,5],[281,2,281,3],[282,1,282,7],[292,1,292,3],[292,5,292,6],[293,1,293,6],[294,1,294,6],[295,1,295,6],[365,1,365,6],[366,1,366,6],[367,1,367,6],[149,0,167,0],[168,0,186,0],[187,0,208,0],[209,0,220,0],[235,0,246,0],[248,0,259,0],[0,0,13,0],[14,0,32,0],[33,0,48,0],[49,0,66,0],[67,0,78,0],[79,0,91,0],[92,0,104,0],[106,0,123,0],[124,0,147,0],[260,0,277,0],[297,0,313,0],[315,0,331,0],[333,0,343,0],[353,1,353,6],[354,1,354,6],[355,1,355,6],[329,1,329,6],[330,1,330,6],[331,1,331,6],[333,1,333,3],[333,4,333,7],[334,2,334,5],[335,2,335,3],[336,1,336,7],[340,1,340,3],[340,5,340,6],[311,1,311,6],[312,1,312,6],[313,1,313,6],[315,1,315,3],[315,4,315,7],[316,2,316,5],[317,2,317,3],[357,1,357,3],[357,4,357,7],[358,2,358,5],[359,2,359,3],[360,1,360,7],[364,1,364,3],[364,5,364,6],[341,1,341,6],[342,1,342,6],[343,1,343,6],[345,1,345,3],[345,4,345,7],[346,2,346,5],[347,2,347,3],[348,1,348,7],[352,1,352,3],[352,5,352,6],[318,1,318,7],[328,1,328,3],[328,5,328,6],[297,1,297,3],[297,4,297,7],[298,2,298,5],[299,2,299,3],[300,1,300,7],[310,1,310,3],[310,5,310,6],[260,10,260,11],[261,2,261,5],[262,2,262,3],[263,1,263,7],[274,1,274,3],[274,5,274,6],[275,1,275,6],[276,1,276,6],[277,1,277,6],[249,2,249,5],[250,2,250,3],[251,1,251,7],[255,1,255,3],[255,5,255,6],[256,1,256,6],[257,1,257,6],[258,1,258,6],[260,1,260,3],[260,4,260,7],[238,1,238,7],[243,1,243,3],[243,5,243,6],[244,1,244,6],[245,1,245,6],[246,1,246,6],[248,1,248,3],[248,4,248,7],[248,10,248,11],[217,1,217,3],[217,5,217,6],[218,1,218,6],[219,1,219,6],[220,1,220,6],[235,1,235,3],[235,4,235,7],[236,2,236,5],[237,2,237,3],[205,1,205,6],[206,1,206,6],[207,1,207,6],[209,1,209,3],[209,4,209,7],[209,10,209,11],[210,2,210,5],[211,2,211,3],[212,1,212,7],[187,1,187,3],[187,4,187,7],[187,10,187,11],[188,2,188,5],[189,2,189,3],[190,1,190,7],[192,8,192,9],[204,1,204,3],[204,5,204,6],[168,10,168,11],[169,2,169,5],[170,2,170,3],[171,1,171,7],[182,1,182,3],[182,5,182,6],[183,1,183,6],[184,1,184,6],[185,1,185,6],[150,2,150,5],[151,2,151,3],[152,1,152,7],[163,1,163,3],[163,5,163,6],[164,1,164,6],[165,1,165,6],[166,1,166,6],[168,1,168,3],[168,4,168,7],[127,1,127,7],[144,1,144,3],[144,5,144,6],[145,1,145,6],[146,1,146,6],[147,1,147,6],[149,1,149,3],[149,4,149,7],[149,10,149,11],[119,1,119,3],[119,5,119,6],[120,1,120,6],[121,1,121,6],[122,1,122,6],[124,1,124,3],[124,4,124,7],[125,2,125,5],[126,2,126,3],[102,1,102,6],[103,1,103,6],[104,1,104,6],[106,1,106,3],[106,4,106,7],[106,10,106,11],[107,2,107,5],[108,2,108,3],[109,1,109,7],[88,1,88,6],[89,1,89,6],[90,1,90,6],[92,1,92,3],[92,4,92,7],[93,2,93,5],[94,2,94,3],[95,1,95,7],[101,1,101,3],[101,5,101,6],[76,1,76,6],[77,1,77,6],[79,1,79,3],[79,4,79,7],[79,10,79,11],[80,2,80,5],[81,2,81,3],[82,1,82,7],[87,1,87,3],[87,5,87,6],[67,1,67,3],[67,4,67,7],[67,10,67,11],[68,2,68,5],[69,2,69,3],[70,1,70,7],[74,1,74,3],[74,5,74,6],[75,1,75,6],[49,10,49,11],[50,2,50,5],[51,2,51,3],[52,1,52,7],[62,1,62,3],[62,5,62,6],[63,1,63,6],[64,1,64,6],[65,1,65,6],[35,2,35,3],[36,1,36,7],[44,1,44,3],[44,5,44,6],[45,1,45,6],[46,1,46,6],[47,1,47,6],[49,1,49,3],[49,4,49,7],[28,1,28,3],[28,5,28,6],[29,1,29,6],[30,1,30,6],[31,1,31,6],[33,1,33,3],[33,4,33,7],[33,10,33,11],[34,2,34,5],[10,1,10,6],[11,1,11,6],[12,1,12,6],[14,1,14,3],[14,4,14,7],[14,10,14,11],[15,2,15,5],[16,2,16,3],[17,1,17,7],[0,1,0,3],[0,4,0,7],[0,10,0,11],[1,2,1,5],[1,10,1,11],[2,2,2,3],[3,1,3,7],[9,1,9,3],[9,5,9,6],[222,0,233,0],[222,1,222,3],[222,4,222,7],[222,10,222,11],[223,2,223,5],[224,2,224,3],[225,1,225,7],[230,1,230,3],[230,5,230,6],[231,1,231,6],[232,1,232,6],[233,1,233,6]]}
[1,"CODEVASF",null,null," COMPOSIÇÃO DE PREÇO UNITÁRIO",null,null,null,{"$f":"H11","v":17031.18},{"$f":"H13","v":20667.34},"BDI CALCULADO:",null,{"$f":"ORÇAMENTO!I6","v":0.21350000000000002}]
[null,"OBRA:  ",{"$f":"ORÇAMENTO!C5","v":" PAVIMENTAÇÃO ASFÁLTICA EM CBUQ - VIAS DIVERSAS - BAIRRO CINQUENTENÁRIO (PIRAPORA / MG)"},null,null,null,"DATA: ",{"$f":"ORÇAMENTO!C6","v":" AGOSTO / 2023   "},null,null,"BDI DIFERENCIADO:",null,{"$f":"'BDI FORN'!D31/100","v":0.15}]
[null,"SERVIÇO:  ",{"$f":"VLOOKUP(A1,ORÇAMENTO!A10:I29,3)","v":"MOBILIZAÇÃO E DESMOBILIZAÇÃO"},null,"Referência:","CPU.1","UNIDADE: ",{"$f":"VLOOKUP(A1,ORÇAMENTO!A10:I29,5)","v":"GL"}]
[]
[null,"TIPO ITEM","CODIGO ITEM","DESCRIÇÃO ITEM","UNIDADE ITEM","COEFICIENTE","PRECO UNITARIO","CUSTO TOTAL"]
[null,"COMPOSICAO",89876,"CAMINHÃO BASCULANTE 14 M3, COM CAVALO MECÂNICO DE CAPACIDADE MÁXIMA DE TRAÇÃO COMBINADO DE 36000 KG, POTÊNCIA 286 CV, INCLUSIVE SEMIREBOQUE COM CAÇAMBA METÁLICA ","CHP DIURNO.",8,287.48,{"$f":"ROUNDDOWN(F6*G6,2)","v":2299.84}]
[null,"COMPOSICAO",89877,"CAMINHÃO BASCULANTE 14 M3, COM CAVALO MECÂNICO DE CAPACIDADE MÁXIMA DE TRAÇÃO COMBINADO DE 36000 KG, POTÊNCIA 286 CV, INCLUSIVE SEMIREBOQUE TRAÇÃO ","CHI DIURNO.",8,82.59,{"$f":"ROUNDDOWN(F7*G7,2)","v":660.72}]
[null,"COMPOSICAO",5914640,"TRANSPORTE COM CAVALO MECÂNICO COM SEMIRREBOQUE COM CAPACIDADE DE 30 T - RODOVIA PAVIMENTADA","T.KM",9191,0.56999999999999995,5238.87]
[null,"COMPOSIÇÃO",88316,"SERVENTE COM ENCARGOS COMPLEMENTARES","H",16,19.760000000000002,316.16000000000003]
[null,"PRODUÇÃO DA EQUIPE",null,null,0.5,"CUSTO ",null,{"$f":"SUM(H6:H9)","v":8515.59}]
[null,"TOTAL",{"$nulls":5},{"$f":"H10/E10","v":17031.18},"OK"]
[null,"BDI                %",{"$nulls":5},{"$f":"1+$M$1","v":1.2135}]
[null,"TOTAL DO SERVIÇO - R$",{"$nulls":5},{"$f":"ROUND(H11*H12,2)","v":20667.34}]
[]
[{"$f":"A1+1","v":2},"CODEVASF",null,null," COMPOSIÇÃO DE PREÇO UNITÁRIO",null,null,null,{"$f":"H30","v":125308.5},{"$f":"H32","v":152061.85999999999}]
[null,"OBRA:  ",{"$f":"$C$2","v":" PAVIMENTAÇÃO ASFÁLTICA EM CBUQ - VIAS DIVERSAS - BAIRRO CINQUENTENÁRIO (PIRAPORA / MG)"},null,null,null,"DATA: ",{"$f":"$H$2","v":" AGOSTO / 2023   "}]
[null,"SERVIÇO:  ",{"$f":"VLOOKUP(A15,ORÇAMENTO!$A$10:$I$29,3)","v":"ADMINISTRAÇÃO LOCAL"},null,"SINAPI","CPU.2","UNIDADE: ",{"$f":"VLOOKUP(A15,ORÇAMENTO!$A$10:$I$29,5)","v":"GL"}]
[]
[null,"TIPO ITEM","CODIGO ITEM","DESCRIÇÃO ITEM","UNIDADE ITEM","COEFICIENTE","PRECO UNITARIO","CUSTO TOTAL"]
[null,"INSUMO",14250,"ENERGIA ELÉTRICA","kwh",60,0.86,{"$f":"ROUNDDOWN(F20*G20,2)","v":51.6}]
[null,"INSUMO",44480,"TARIFA FORNECIMENTO DE ÁGUA/ESGOTO ","M3",6,16.27,97.62]
[null,"COTAÇÃO","MERC.","TELEFONE (PLANO CONTROLE)","UNID",2,59.99,119.98]
[null,"INSUMO","ED-50155 SEINFRA","BANHEIRO QUÍMICO 110 X 120 X 230 CM COM MANUTENÇÃO (CONSIDERANDO OBRAS SIMULTÂNEAS)","MÊS",2,820,1640]
[null,"COMPOSICAO",90777,"Engenheiro Civil Júnior com encargos complementares","H",55,114.12,6276.6]
[null,"COMPOSICAO",90776,"Encarregado Geral com encargos complementares","H",110,57.73,6350.3]
[null,"COMPOSICAO",88321,"Tecnico de Laboratório com encargos complementares","H",55,45.67,2511.85]
[null,"COMPOSICAO",100309,"Tecnico em Segurança do Trabalho com encargos complementares","H",55,45.93,2526.15]
[null,"COMPOSICAO",90772,"Auxiliar de escritório com encargos complementares","H",55,23.83,1310.6500000000001]
[null,"PRODUÇÃO DA EQUIPE",null,null,{"$f":"1/6","v":0.16666666666666666},"CUSTO ",null,{"$f":"SUM(H20:H28)","v":20884.750000000004}]
[null,"TOTAL",{"$nulls":5},{"$f":"ROUND(H29/E29,2)","v":125308.5},"OK"]
[null,"BDI                %",{"$nulls":5},{"$f":"1+$M$1","v":1.2135}]
[null,"TOTAL DO SERVIÇO - R$",{"$nulls":5},{"$f":"ROUND(H30*H31,2)","v":152061.85999999999}]
[]
[{"$f":"A15+1","v":3},"CODEVASF",null,null," COMPOSIÇÃO DE PREÇO UNITÁRIO",null,null,null,{"$f":"H46","v":18107.399999999998},{"$f":"H48","v":21973.33}]
[null,"OBRA:  ",{"$f":"$C$2","v":" PAVIMENTAÇÃO ASFÁLTICA EM CBUQ - VIAS DIVERSAS - BAIRRO CINQUENTENÁRIO (PIRAPORA / MG)"},null,null,null,"DATA: ",{"$f":"$H$2","v":" AGOSTO / 2023   "}]
[null,"SERVIÇO:  ",{"$f":"VLOOKUP(A34,ORÇAMENTO!$A$10:$I$29,3)","v":"CANTEIRO DE OBRAS"},null,"SINAPI",{"$f":"VLOOKUP(A34,ORÇAMENTO!$A$10:$I$29,4)","v":"CPU.3"},"UNIDADE: ",{"$f":"VLOOKUP(A34,ORÇAMENTO!$A$10:$I$29,5)","v":"GL"}]
[]
[null,"TIPO ITEM","CODIGO ITEM","DESCRIÇÃO ITEM","UNIDADE ITEM","COEFICIENTE","PRECO UNITARIO","CUSTO TOTAL"]
[null,"INSUMO",10775,"LOCACAO DE CONTAINER COM 1 SANITARIO, PARA ESCRITORIO,COMPLETO, SEM DIVISORIAS INTERNAS","MÊS",6,1040,{"$f":"ROUNDDOWN(F39*G39,2)","v":6240}]
[null,"INSUMO",10779,"LOCACAO DE CONTAINER P/ SANITARIO, C/ 5 BACIAS, 1 LAVATORIO E 4 MICTORIOS","MÊS",6,1300,7800]
[null,"COMPOSIÇÃO",100382,"FABRICAÇÃO E INSTALAÇÃO DE PONTALETES DE MADEIRA NÃO APARELHADA PARA TELHADOS COM TELHA ONDULADA DE FIBROCIMENTO","M2",48,34.39,1650.72]
[null,"COMPOSIÇÃO",94207,"TELHAMENTO COM TELHA ONDULADA DE FIBROCIMENTO E = 6 MM","M2",48,42.66,2047.68]
[null,"INSUMO","37525","TELA PLASTICA TECIDA LISTRADA BRANCA E LARANJA, TIPO GUARDA CORPO, EM POLIETILENO MONOFILADO, ROLO 1,20 X 50 M (L X C)","M",100,3.69,369]
[{"$nulls":7},0]
[null,"PRODUÇÃO DA EQUIPE",null,null,1,"CUSTO ",null,{"$f":"SUM(H39:H44)","v":18107.399999999998}]
[null,"TOTAL",{"$nulls":5},{"$f":"H45/E45","v":18107.399999999998},"OK"]
[null,"BDI                %",{"$nulls":5},{"$f":"1+$M$1","v":1.2135}]
[null,"TOTAL DO SERVIÇO - R$",{"$nulls":5},{"$f":"ROUND(H46*H47,2)","v":21973.33}]
[]
[{"$f":"A34+1","v":4},"CODEVASF",null,null," COMPOSIÇÃO DE PREÇO UNITÁRIO",null,null,null,{"$f":"H64","v":340.97999999999996},{"$f":"H66","v":413.78}]
[null,"OBRA:  ",{"$f":"$C$2","v":" PAVIMENTAÇÃO ASFÁLTICA EM CBUQ - VIAS DIVERSAS - BAIRRO CINQUENTENÁRIO (PIRAPORA / MG)"},null,null,null,"DATA: ",{"$f":"$H$2","v":" AGOSTO / 2023   "}]
[null,"SERVIÇO:  ",{"$f":"VLOOKUP(A50,ORÇAMENTO!$A$10:$I$29,3)","v":"PLACA DE OBRA EM CHAPA DE AÇO GALVANIZADO"},null,"SINAPI",{"$f":"VLOOKUP(A50,ORÇAMENTO!$A$10:$I$29,4)","v":103689},"UNIDADE: ",{"$f":"VLOOKUP(A50,ORÇAMENTO!$A$10:$I$29,5)","v":"M2"}]
[]
[null,"TIPO ITEM","CODIGO ITEM","DESCRIÇÃO ITEM","UNIDADE ITEM","COEFICIENTE","PRECO UNITARIO","CUSTO TOTAL"]
[null,"INSUMO","4509","SARRAFO *2,5 X 10* CM EM PINUS, MISTA OU EQUIVALENTE DA REGIAO - BRUTA","M","3,2083000","4,39",{"$f":"ROUNDDOWN(F55*G55,2)","v":14.08}]
[null,"INSUMO","4813","PLACA DE OBRA (PARA CONSTRUCAO CIVIL) EM CHAPA GALVANIZADA *N. 22*, ADESIVADA, DE *2,4 X 1,2* M (SEM POSTES PARA FIXACAO)","M2","1,0000000","250,00",250]
[null,"INSUMO","5065","PREGO DE ACO POLIDO COM CABECA 10 X 10 ","KG","0,0113000","38,80",0.43]
[null,"INSUMO","5069","PREGO DE ACO POLIDO COM CABECA 17 X 27 ","KG","0,0132000","20,79",0.27]
[null,"COMPOSICAO","88262","CARPINTEIRO DE FORMAS COM ENCARGOS COMPLEMENTARES","H","0,3729000","27,05",10.08]
[null,"COMPOSICAO","88316","SERVENTE COM ENCARGOS COMPLEMENTARES","H","1,1186000","19,76",22.1]
[null,"COMPOSICAO",4115,"MADEIRA ROLICA TRATADA, D = 12 A 15 CM, H = 3,00 M, EM EUCALIPTO OU EQUIVALENTE","M",2,22.01,44.02]
[{"$nulls":7},0]
[null,"PRODUÇÃO DA EQUIPE",null,null,1,"CUSTO ",null,{"$f":"SUM(H55:H62)","v":340.97999999999996}]
[null,"TOTAL",{"$nulls":5},{"$f":"H63/E63","v":340.97999999999996},"OK"]
[null,"BDI                %",{"$nulls":5},{"$f":"1+$M$1","v":1.2135}]
[null,"TOTAL DO SERVIÇO - R$",{"$nulls":5},{"$f":"ROUND(H64*H65,2)","v":413.78}]
[]
[{"$f":"A50+1","v":5},"CODEVASF",null,null," COMPOSIÇÃO DE PREÇO UNITÁRIO",null,null,null,{"$f":"H76","v":0.66},{"$f":"H78","v":0.8}]
[null,"OBRA:  ",{"$f":"$C$2","v":" PAVIMENTAÇÃO ASFÁLTICA EM CBUQ - VIAS DIVERSAS - BAIRRO CINQUENTENÁRIO (PIRAPORA / MG)"},null,null,null,"DATA: ",{"$f":"$H$2","v":" AGOSTO / 2023   "}]
[null,"SERVIÇO:  ",{"$f":"VLOOKUP(A68,ORÇAMENTO!$A$10:$I$29,3)","v":"LOCAÇÃO DE PAVIMENTAÇÃO"},null,"SINAPI",{"$f":"VLOOKUP(A68,ORÇAMENTO!$A$10:$I$29,4)","v":99064},"UNIDADE: ",{"$f":"VLOOKUP(A68,ORÇAMENTO!$A$10:$I$29,5)","v":"M"}]
[]
[null,"TIPO ITEM","CODIGO ITEM","DESCRIÇÃO ITEM","UNIDADE ITEM","COEFICIENTE","PRECO UNITARIO","CUSTO TOTAL"]
[null,"COMPOSICAO","99058","LOCAÇÃO DE PONTO PARA REFERÊNCIA TOPOGRÁFICA","UN","0,0500000",13.37,{"$f":"ROUNDDOWN(F73*G73,2)","v":0.66}]
[{"$nulls":7},{"$f":"ROUNDDOWN(F74*G74,2)","v":0}]
[null,"PRODUÇÃO DA EQUIPE",null,null,1,"CUSTO ",null,{"$f":"SUM(H73:H74)","v":0.66}]
[null,"TOTAL",{"$nulls":5},{"$f":"H75/E75","v":0.66},"OK"]
[null,"BDI                %",{"$nulls":5},{"$f":"1+$M$1","v":1.2135}]
[null,"TOTAL DO SERVIÇO - R$",{"$nulls":5},{"$f":"ROUND(H76*H77,2)","v":0.8}]
[]
[{"$f":"A68+1","v":6},"CODEVASF",null,null," COMPOSIÇÃO DE PREÇO UNITÁRIO",null,null,null,{"$f":"H89","v":1.87},{"$f":"H91","v":2.27}]
[null,"OBRA:  ",{"$f":"$C$2","v":" PAVIMENTAÇÃO ASFÁLTICA EM CBUQ - VIAS DIVERSAS - BAIRRO CINQUENTENÁRIO (PIRAPORA / MG)"},null,null,null,"DATA: ",{"$f":"$H$2","v":" AGOSTO / 2023   "}]
[null,"SERVIÇO:  ",{"$f":"VLOOKUP(A80,ORÇAMENTO!$A$10:$I$29,3)","v":"ESCAVAÇÃO HORIZONTAL EM SOLO DE 1A CATEGORIA "},null,"SINAPI",{"$f":"VLOOKUP(A80,ORÇAMENTO!$A$10:$I$29,4)","v":101116},"UNIDADE: ",{"$f":"VLOOKUP(A80,ORÇAMENTO!$A$10:$I$29,5)","v":"M3"}]
[]
[null,"TIPO ITEM","CODIGO ITEM","DESCRIÇÃO ITEM","UNIDADE ITEM","COEFICIENTE","PRECO UNITARIO","CUSTO TOTAL"]
[null,"COMPOSICAO","5847","TRATOR DE ESTEIRAS, POTÊNCIA 170 HP, PESO OPERACIONAL 19 T, CAÇAMBA 5,2 M3","CHP","0,0048000","217,11",{"$f":"ROUNDDOWN(F85*G85,2)","v":1.04}]
[null,"COMPOSICAO","5849","TRATOR DE ESTEIRAS, POTÊNCIA 170 HP, PESO OPERACIONAL 19 T, CAÇAMBA 5,2 M3 ","CHI","0,0082000","71,35",0.57999999999999996]
[null,"COMPOSICAO","88316","SERVENTE COM ENCARGOS COMPLEMENTARES","H","0,0131000","19,76",0.25]
[null,"PRODUÇÃO DA EQUIPE",null,null,1,"CUSTO ",null,{"$f":"SUM(H85:H87)","v":1.87}]
[null,"TOTAL",{"$nulls":5},{"$f":"H88/E88","v":1.87},"OK"]
[null,"BDI                %",{"$nulls":5},{"$f":"1+$M$1","v":1.2135}]
[null,"TOTAL DO SERVIÇO - R$",{"$nulls":5},{"$f":"ROUND(H89*H90,2)","v":2.27}]
[]
[7,"CODEVASF",null,null," COMPOSIÇÃO DE PREÇO UNITÁRIO",null,null,null,{"$f":"H103","v":6.49},{"$f":"H105","v":7.88}]
[null,"OBRA:  ",{"$f":"$C$2","v":" PAVIMENTAÇÃO ASFÁLTICA EM CBUQ - VIAS DIVERSAS - BAIRRO CINQUENTENÁRIO (PIRAPORA / MG)"},null,null,null,"DATA: ",{"$f":"$H$2","v":" AGOSTO / 2023   "}]
[null,"SERVIÇO:  ",{"$f":"VLOOKUP(A93,ORÇAMENTO!$A$10:$I$29,3)","v":"CARGA, MANOBRA E DESCARGA DE SOLOS E MATERIAIS GRANULARES EM CAMINHÃO BASCULANTE"},null,"SINAPI",{"$f":"VLOOKUP(A93,ORÇAMENTO!$A$10:$I$29,4)","v":100976},"UNIDADE: ",{"$f":"VLOOKUP(A93,ORÇAMENTO!$A$10:$I$29,5)","v":"M3"}]
[]
[null,"TIPO ITEM","CODIGO ITEM","DESCRIÇÃO ITEM","UNIDADE ITEM","COEFICIENTE","PRECO UNITARIO","CUSTO TOTAL"]
[null,"COMPOSICAO","5940","PÁ CARREGADEIRA SOBRE RODAS, POTÊNCIA LÍQUIDA 128 HP, CAPACIDADE DA CAÇAMBA 1,7 A 2,8 M3, PESO OPERACIONAL 11632 KG","CHP","0,0083000","203,10",{"$f":"ROUNDDOWN(F98*G98,2)","v":1.68}]
[null,"COMPOSICAO","5942","PÁ CARREGADEIRA SOBRE RODAS, POTÊNCIA LÍQUIDA 128 HP, CAPACIDADE DA CAÇAMBA 1,7 A 2,8 M3, PESO OPERACIONAL 11632 KG ","CHI","0,0074000","83,73",0.61]
[null,"COMPOSICAO","89883","CAMINHÃO BASCULANTE 18 M3, COM CAVALO MECÂNICO DE CAPACIDADE MÁXIMA DE TRAÇÃO COMBINADO DE 45000 KG, POTÊNCIA 330 CV, INCLUSIVE SEMIREBOQUE COM CAÇAMBA METÁLICA ","CHP",1.0753E-2,"316,09",3.39]
[null,"COMPOSICAO","89884","CAMINHÃO BASCULANTE 18 M3, COM CAVALO MECÂNICO DE CAPACIDADE MÁXIMA DE TRAÇÃO COMBINADO DE 45000 KG, POTÊNCIA 330 CV, INCLUSIVE SEMIREBOQUE COM CAÇAMBA METÁLICA","CHI","0,0095000","86,09",0.81]
[null,"PRODUÇÃO DA EQUIPE",null,null,1,"CUSTO ",null,{"$f":"SUM(H98:H101)","v":6.49}]
[null,"TOTAL",{"$nulls":5},{"$f":"H102/E102","v":6.49},"OK"]
[null,"BDI                %",{"$nulls":5},{"$f":"1+$M$1","v":1.2135}]
[null,"TOTAL DO SERVIÇO - R$",{"$nulls":5},{"$f":"ROUND(H103*H104,2)","v":7.88}]
[]
[8,"CODEVASF",null,null," COMPOSIÇÃO DE PREÇO UNITÁRIO",null,null,null,{"$f":"H121","v":1.08},{"$f":"H123","v":1.31}]
[null,"OBRA:  ",{"$f":"$C$2","v":" PAVIMENTAÇÃO ASFÁLTICA EM CBUQ - VIAS DIVERSAS - BAIRRO CINQUENTENÁRIO (PIRAPORA / MG)"},null,null,null,"DATA: ",{"$f":"$H$2","v":" AGOSTO / 2023   "}]
[null,"SERVIÇO:  ",{"$f":"VLOOKUP(A107,ORÇAMENTO!$A$10:$I$29,3)","v":"REGULARIZAÇÃO E COMPACTAÇÃO DO SUBLEITO "},null,"SICRO",{"$f":"VLOOKUP(A107,ORÇAMENTO!$A$10:$I$29,4)","v":100577},"UNIDADE: ","M2"]
[]
[null,"TIPO ITEM","CODIGO ITEM","DESCRIÇÃO ITEM","UNIDADE ITEM","COEFICIENTE","PRECO UNITARIO","CUSTO TOTAL"]
[null,"COMPOSICAO","5901","CAMINHÃO PIPA 10.000 L TRUCADO, PESO BRUTO TOTAL 23.000 KG, CARGA ÚTIL MÁXIMA 15.935 KG, DISTÂNCIA ENTRE EIXOS 4,8 M, POTÊNCIA 230 CV, INCLUSIVE TANQUE DE AÇO PARA TRANSPORTE DE ÁGUA ","CHP","0,0010000","267,67",{"$f":"ROUNDDOWN(F112*G112,2)","v":0.26}]
[null,"COMPOSICAO","5903","CAMINHÃO PIPA 10.000 L TRUCADO, PESO BRUTO TOTAL 23.000 KG, CARGA ÚTIL MÁXIMA 15.935 KG, DISTÂNCIA ENTRE EIXOS 4,8 M, POTÊNCIA 230 CV, INCLUSIVE TANQUE DE AÇO PARA TRANSPORTE DE ÁGUA ","CHI","0,0020000","67,79",{"$f":"ROUNDDOWN(F113*G113,2)","v":0.13}]
[null,"COMPOSICAO","5932","MOTONIVELADORA POTÊNCIA BÁSICA LÍQUIDA (PRIMEIRA MARCHA) 125 HP, PESO BRUTO 13032 KG, LARGURA DA LÂMINA DE 3,7 M","CHP","0,0001000","236,38",0.02]
[null,"COMPOSICAO","5934","MOTONIVELADORA POTÊNCIA BÁSICA LÍQUIDA (PRIMEIRA MARCHA) 125 HP, PESO BRUTO 13032 KG, LARGURA DA LÂMINA DE 3,7 M ","CHI","0,0030000","92,27",0.27]
[null,"COMPOSICAO","88316","SERVENTE COM ENCARGOS COMPLEMENTARES","H","0,0030000","19,76",0.05]
[null,"COMPOSICAO","96463","ROLO COMPACTADOR DE PNEUS, ESTATICO, PRESSAO VARIAVEL, POTENCIA 110 HP, PESO SEM/COM LASTRO 10,8/27 T, LARGURA DE ROLAGEM 2,30 M ","CHP","0,0010000","197,38",0.19]
[null,"COMPOSICAO","96464","ROLO COMPACTADOR DE PNEUS, ESTATICO, PRESSAO VARIAVEL, POTENCIA 110 HP, PESO SEM/COM LASTRO 10,8/27 T, LARGURA DE ROLAGEM 2,30 M","CHI","0,0020000","82,85",0.16]
[]
[null,"PRODUÇÃO DA EQUIPE",null,null,1,"CUSTO ",null,{"$f":"SUM(H112:H119)","v":1.08}]
[null,"TOTAL",{"$nulls":5},{"$f":"H120/E120","v":1.08},"OK"]
[null,"BDI                %",{"$nulls":5},{"$f":"1+$M$1","v":1.2135}]
[null,"TOTAL DO SERVIÇO - R$",{"$nulls":5},{"$f":"ROUND(H121*H122,2)","v":1.31}]
[]
[9,"CODEVASF",null,null," COMPOSIÇÃO DE PREÇO UNITÁRIO",null,null,null,{"$f":"H146","v":96.6},{"$f":"H148","v":117.22}]
[null,"OBRA:  ",{"$f":"$C$2","v":" PAVIMENTAÇÃO ASFÁLTICA EM CBUQ - VIAS DIVERSAS - BAIRRO CINQUENTENÁRIO (PIRAPORA / MG)"},null,null,null,"DATA: ",{"$f":"$H$2","v":" AGOSTO / 2023   "}]
[null,"SERVIÇO:  ",{"$f":"VLOOKUP(A125,ORÇAMENTO!$A$10:$I$29,3)","v":"EXECUÇÃO E COMPACTAÇÃO DE BASE E OU SUB-BASE PARA PAVIMENTAÇÃO DE SOLO BRITA - 50/50 - EXCLUSIVE SOLO, ESCAVAÇÃO, CARGA E TRANSPORTE"},null,"SINAPI",{"$f":"VLOOKUP(A125,ORÇAMENTO!$A$10:$I$29,4)","v":100565},"UNIDADE: ",{"$f":"VLOOKUP(A125,ORÇAMENTO!$A$10:$I$29,5)","v":"M3"}]
[]
[null,"TIPO ITEM","CODIGO ITEM","DESCRIÇÃO ITEM","UNIDADE ITEM","COEFICIENTE","PRECO UNITARIO","CUSTO TOTAL"]
[null,"INSUMO","4721","PEDRA BRITADA N. 1 (9,5 a 19 MM) POSTO PEDREIRA/FORNECEDOR, SEM FRETE","M3","0,6880000","109,42",{"$f":"ROUNDDOWN(F130*G130,2)","v":75.28}]
[null,"COMPOSICAO","5684","ROLO COMPACTADOR VIBRATÓRIO DE UM CILINDRO AÇO LISO, POTÊNCIA 80 HP, PESO OPERACIONAL MÁXIMO 8,1 T, IMPACTO DINÂMICO 16,15 / 9,5 T, LARGURA DE TRABALHO 1,68 M","CHP","0,0120000","142,77",1.71]
[null,"COMPOSICAO","5685","ROLO COMPACTADOR VIBRATÓRIO DE UM CILINDRO AÇO LISO, POTÊNCIA 80 HP, PESO OPERACIONAL MÁXIMO 8,1 T, IMPACTO DINÂMICO 16,15 / 9,5 T, LARGURA DE TRABALHO 1,68 M","CHI","0,0280000","59,30",1.66]
[null,"COMPOSICAO","5901","CAMINHÃO PIPA 10.000 L TRUCADO, PESO BRUTO TOTAL 23.000 KG, CARGA ÚTIL MÁXIMA 15.935 KG, DISTÂNCIA ENTRE EIXOS 4,8 M, POTÊNCIA 230 CV, INCLUSIVE TANQUE DE AÇO PARA TRANSPORTE DE ÁGUA","CHP","0,0040000","267,67",1.07]
[null,"COMPOSICAO","5903","CAMINHÃO PIPA 10.000 L TRUCADO, PESO BRUTO TOTAL 23.000 KG, CARGA ÚTIL MÁXIMA 15.935 KG, DISTÂNCIA ENTRE EIXOS 4,8 M, POTÊNCIA 230 CV, INCLUSIVE TANQUE DE AÇO PARA TRANSPORTE DE ÁGUA","CHI","0,0360000","67,79",2.44]
[null,"COMPOSICAO","5921","GRADE DE DISCO REBOCÁVEL COM 20 DISCOS 24\" X 6 MM COM PNEUS PARA TRANSPORTE","CHP","0,0080000","5,28",0.04]
[null,"COMPOSICAO","5923","GRADE DE DISCO REBOCÁVEL COM 20 DISCOS 24\" X 6 MM COM PNEUS PARA TRANSPORTE","CHI","0,0320000","3,28",0.1]
[null,"COMPOSICAO","5932","MOTONIVELADORA POTÊNCIA BÁSICA LÍQUIDA (PRIMEIRA MARCHA) 125 HP, PESO BRUTO 13032 KG, LARGURA DA LÂMINA DE 3,7 M","CHP","0,0080000","236,38",1.89]
[null,"COMPOSICAO","5934","MOTONIVELADORA POTÊNCIA BÁSICA LÍQUIDA (PRIMEIRA MARCHA) 125 HP, PESO BRUTO 13032 KG, LARGURA DA LÂMINA DE 3,7 M","CHI","0,0320000","92,27",2.95]
[null,"COMPOSICAO","88316","SERVENTE COM ENCARGOS COMPLEMENTARES","H","0,1600000","19,76",3.16]
[null,"COMPOSICAO","89035","TRATOR DE PNEUS, POTÊNCIA 85 CV, TRAÇÃO 4X4, PESO COM LASTRO DE 4.675 KG","CHP","0,0080000","117,41",0.93]
[null,"COMPOSICAO","89036","TRATOR DE PNEUS, POTÊNCIA 85 CV, TRAÇÃO 4X4, PESO COM LASTRO DE 4.675 KG","CHI","0,0320000","46,92",1.5]
[null,"COMPOSICAO","96463","ROLO COMPACTADOR DE PNEUS, ESTATICO, PRESSAO VARIAVEL, POTENCIA 110 HP, PESO SEM/COM LASTRO 10,8/27 T, LARGURA DE ROLAGEM 2,30 M","CHP","0,0050000","197,38",0.98]
[null,"COMPOSICAO","96464","ROLO COMPACTADOR DE PNEUS, ESTATICO, PRESSAO VARIAVEL, POTENCIA 110 HP, PESO SEM/COM LASTRO 10,8/27 T, LARGURA DE ROLAGEM 2,30 M","CHI","0,0350000","82,85",2.89]
[{"$nulls":7},0]
[null,"PRODUÇÃO DA EQUIPE",null,null,1,"CUSTO ",null,{"$f":"SUM(H130:H144)","v":96.6}]
[null,"TOTAL",{"$nulls":5},{"$f":"H145/E145","v":96.6},"OK"]
[null,"BDI                %",{"$nulls":5},{"$f":"1+$M$1","v":1.2135}]
[null,"TOTAL DO SERVIÇO - R$",{"$nulls":5},{"$f":"ROUND(H146*H147,2)","v":117.22}]
[]
[10,"CODEVASF",null,null," COMPOSIÇÃO DE PREÇO UNITÁRIO",null,null,null,{"$f":"H165","v":1.1100000000000001},{"$f":"H167","v":1.35}]
[null,"OBRA:  ",{"$f":"$C$2","v":" PAVIMENTAÇÃO ASFÁLTICA EM CBUQ - VIAS DIVERSAS - BAIRRO CINQUENTENÁRIO (PIRAPORA / MG)"},null,null,null,"DATA: ",{"$f":"$H$2","v":" AGOSTO / 2023   "}]
[null,"SERVIÇO:  ",{"$f":"VLOOKUP(A150,ORÇAMENTO!$A$10:$I$29,3)","v":"IMPRIMAÇÃO COM EMULSÃO ASFÁLTICA (EAI)"},null,"SINAPI",{"$f":"VLOOKUP(A150,ORÇAMENTO!$A$10:$I$29,4)","v":96401},"UNIDADE: ",{"$f":"VLOOKUP(A150,ORÇAMENTO!$A$10:$I$29,5)","v":"M2"}]
[]
[null,"TIPO ITEM","CODIGO ITEM","DESCRIÇÃO ITEM","UNIDADE ITEM","COEFICIENTE","PRECO UNITARIO","CUSTO TOTAL"]
[null,"COMPOSICAO",5839,"VASSOURA MECÂNICA REBOCÁVEL COM ESCOVA CILÍNDRICA, LARGURA ÚTIL DE VARRIMENTO DE 2,44 M ","CHP","0,0020000",10.130000000000001,{"$f":"ROUNDDOWN(F155*G155,2)","v":0.02}]
[null,"COMPOSICAO",5841,"VASSOURA MECÂNICA REBOCÁVEL COM ESCOVA CILÍNDRICA, LARGURA ÚTIL DE VARRIMENTO DE 2,44 M ","CHI","0,0040000",4.82,0.01]
[null,"INSUMO","ANP","EMULSÃO ASFÁLTICA PARA IMPRIMAÇÃO (FORNECIMENTO COM BDI DIFERENCIADO)","T",{"$f":"1.3/1000","v":1.2999999999999999E-3},null,0]
[null,"COMPOSICAO",83362,"ESPARGIDOR DE ASFALTO PRESSURIZADO, TANQUE 6 M3 COM ISOLAÇÃO TÉRMICA, AQUECIDO COM 2 MAÇARICOS, COM BARRA ESPARGIDORA 3,60 M, MONTADO SOBRE CAMINHÃO  TOCO, PBT 14.300 KG, POTÊNCIA 185 CV","CHP","0,0010000",234.41,0.23]
[null,"COMPOSICAO",88316,"SERVENTE COM ENCARGOS COMPLEMENTARES","H","0,0060000",19.760000000000002,0.11]
[null,"COMPOSICAO",89035,"TRATOR DE PNEUS, POTÊNCIA 85 CV, TRAÇÃO 4X4, PESO COM LASTRO DE 4.675 KG ","CHP","0,0020000",117.41,0.23]
[null,"COMPOSICAO",89036,"TRATOR DE PNEUS, POTÊNCIA 85 CV, TRAÇÃO 4X4, PESO COM LASTRO DE 4.675 KG ","CHI","0,0040000",46.92,0.18]
[null,"COMPOSICAO",91486,"ESPARGIDOR DE ASFALTO PRESSURIZADO, TANQUE 6 M3 COM ISOLAÇÃO TÉRMICA, AQUECIDO COM 2 MAÇARICOS, COM BARRA ESPARGIDORA 3,60 M, MONTADO SOBRE CAMINHÃO  TOCO, PBT 14.300 KG, POTÊNCIA 185 CV","CHI","0,0050000",66.12,0.33]
[{"$nulls":7},0]
[null,"PRODUÇÃO DA EQUIPE",null,null,1,"CUSTO ",null,{"$f":"SUM(H155:H163)","v":1.1100000000000001}]
[null,"TOTAL",{"$nulls":5},{"$f":"H164/E164","v":1.1100000000000001},"OK"]
[null,"BDI                %",{"$nulls":5},{"$f":"1+$M$1","v":1.2135}]
[null,"TOTAL DO SERVIÇO - R$",{"$nulls":5},{"$f":"ROUND(H165*H166,2)","v":1.35}]
[]
[11,"CODEVASF",null,null," COMPOSIÇÃO DE PREÇO UNITÁRIO",null,null,null,{"$f":"H184","v":0.91000000000000014},{"$f":"H186","v":1.1000000000000001}]
[null,"OBRA:  ",{"$f":"$C$2","v":" PAVIMENTAÇÃO ASFÁLTICA EM CBUQ - VIAS DIVERSAS - BAIRRO CINQUENTENÁRIO (PIRAPORA / MG)"},null,null,null,"DATA: ",{"$f":"$H$2","v":" AGOSTO / 2023   "}]
[null,"SERVIÇO:  ",{"$f":"VLOOKUP(A169,ORÇAMENTO!$A$10:$I$29,3)","v":"PINTURA DE LIGAÇÃO COM EMULSÃO ASFÁLTICA RR-2C"},null,"SINAPI",{"$f":"VLOOKUP(A169,ORÇAMENTO!$A$10:$I$29,4)","v":96402},"UNIDADE: ","M2"]
[]
[null,"TIPO ITEM","CODIGO ITEM","DESCRIÇÃO ITEM","UNIDADE ITEM","COEFICIENTE","PRECO UNITARIO","CUSTO TOTAL"]
[null,"COMPOSICAO",5839,"VASSOURA MECÂNICA REBOCÁVEL COM ESCOVA CILÍNDRICA, LARGURA ÚTIL DE VARRIMENTO DE 2,44 M ","CHP","0,0020000",10.130000000000001,{"$f":"ROUNDDOWN(F174*G174,2)","v":0.02}]
[null,"COMPOSICAO",5841,"VASSOURA MECÂNICA REBOCÁVEL COM ESCOVA CILÍNDRICA, LARGURA ÚTIL DE VARRIMENTO DE 2,44 M ","CHI","0,0040000",4.82,0.01]
[null,"INSUMO","ANP","EMULSAO ASFALTICA CATIONICA RR-2C PARA USO EM PAVIMENTACAO ASFALTICA (COLETADO CAIXA NA ANP ACRESCIDO DE ICMS)","KG","0,4500000",null,0]
[null,"COMPOSICAO",83362,"ESPARGIDOR DE ASFALTO PRESSURIZADO, TANQUE 6 M3 COM ISOLAÇÃO TÉRMICA, AQUECIDO COM 2 MAÇARICOS, COM BARRA ESPARGIDORA 3,60 M, MONTADO SOBRE CAMINHÃO  TOCO, PBT 14.300 KG, POTÊNCIA 185 CV ","CHP","0,0004000",234.41,0.09]
[null,"COMPOSICAO",88316,"SERVENTE COM ENCARGOS COMPLEMENTARES","H","0,0055000",19.760000000000002,0.1]
[null,"COMPOSICAO",89035,"TRATOR DE PNEUS, POTÊNCIA 85 CV, TRAÇÃO 4X4, PESO COM LASTRO DE 4.675 KG ","CHP","0,0017000",117.41,0.19]
[null,"COMPOSICAO",89036,"TRATOR DE PNEUS, POTÊNCIA 85 CV, TRAÇÃO 4X4, PESO COM LASTRO DE 4.675 KG ","CHI","0,0038000",46.92,0.17]
[null,"COMPOSICAO",91486,"ESPARGIDOR DE ASFALTO PRESSURIZADO, TANQUE 6 M3 COM ISOLAÇÃO TÉRMICA, AQUECIDO COM 2 MAÇARICOS, COM BARRA ESPARGIDORA 3,60 M, MONTADO SOBRE CAMINHÃO  TOCO, PBT 14.300 KG, POTÊNCIA 185 CV ","CHI","0,0051000",66.12,0.33]
[{"$nulls":7},0]
[null,"PRODUÇÃO DA EQUIPE",null,null,1,"CUSTO ",null,{"$f":"SUM(H174:H182)","v":0.91000000000000014}]
[null,"TOTAL",{"$nulls":5},{"$f":"H183/E183","v":0.91000000000000014},"OK"]
[null,"BDI                %",{"$nulls":5},{"$f":"1+$M$1","v":1.2135}]
[null,"TOTAL DO SERVIÇO - R$",{"$nulls":5},{"$f":"ROUND(H184*H185,2)","v":1.1000000000000001}]
[]
[12,"CODEVASF",null,null," COMPOSIÇÃO DE PREÇO UNITÁRIO",null,null,null,{"$f":"H206","v":111.82000000000001},{"$f":"H208","v":135.69}]
[null,"OBRA:  ",{"$f":"$C$2","v":" PAVIMENTAÇÃO ASFÁLTICA EM CBUQ - VIAS DIVERSAS - BAIRRO CINQUENTENÁRIO (PIRAPORA / MG)"},null,null,null,"DATA: ",{"$f":"$H$2","v":" AGOSTO / 2023   "}]
[null,"SERVIÇO:  ",{"$f":"VLOOKUP(A188,ORÇAMENTO!$A$10:$I$29,3)","v":"EXECUÇÃO DE PAVIMENTO COM APLICAÇÃO DE CONCRETO ASFÁLTICO USINADO A QUENTE (CBUQ), CAMADA DE ROLAMENTO - EXCLUSIVE TRANSPORTE"},null,"SINAPI",{"$f":"VLOOKUP(A188,ORÇAMENTO!$A$10:$I$29,4)","v":95995},"UNIDADE: ",{"$f":"VLOOKUP(A188,ORÇAMENTO!$A$10:$I$29,5)","v":"M3"}]
[]
[null,"TIPO ITEM","CODIGO ITEM","DESCRIÇÃO ITEM","UNIDADE ITEM","COEFICIENTE","PRECO UNITARIO","CUSTO TOTAL"]
[null,"INSUMO","COTAÇÃO","CONCRETO BETUMINOSO USINADO A QUENTE (CBUQ) PARA PAVIMENTACAO ASFALTICA, PADRAO DNIT, FAIXA C, COM CAP 50/70 - AQUISICAO POSTO USINA (FORNECIMENTO COM BDI DIFERENCIADO)","T","2,5548000",null,{"$f":"ROUNDDOWN(F193*G193,2)","v":0},null,null,602.5]
[null,"COMPOSICAO","5835","VIBROACABADORA DE ASFALTO SOBRE ESTEIRAS, LARGURA DE PAVIMENTAÇÃO 1,90 M A 5,30 M, POTÊNCIA 105 HP CAPACIDADE 450 T/H","CHP","0,0464000","357,51",16.579999999999998]
[null,"COMPOSICAO","5837","VIBROACABADORA DE ASFALTO SOBRE ESTEIRAS, LARGURA DE PAVIMENTAÇÃO 1,90 M A 5,30 M, POTÊNCIA 105 HP CAPACIDADE 450 T/H ","CHI","0,0949000","139,09",13.19]
[null,"COMPOSICAO","88314","RASTELEIRO COM ENCARGOS COMPLEMENTARES","H","1,1301000","21,21",23.96]
[null,"COMPOSICAO","91386","CAMINHÃO BASCULANTE 10 M3, TRUCADO CABINE SIMPLES, PESO BRUTO TOTAL 23.000 KG, CARGA ÚTIL MÁXIMA 15.935 KG, DISTÂNCIA ENTRE EIXOS 4,80 M, POTÊNCIA 230 CV INCLUSIVE CAÇAMBA METÁLICA ","CHP","0,0464000","229,56",10.65]
[null,"COMPOSICAO","95631","ROLO COMPACTADOR VIBRATORIO TANDEM, ACO LISO, POTENCIA 125 HP, PESO SEM/COM LASTRO 10,20/11,65 T, LARGURA DE TRABALHO 1,73 M","CHP","0,0805000","204,82",16.48]
[null,"COMPOSICAO","95632","ROLO COMPACTADOR VIBRATORIO TANDEM, ACO LISO, POTENCIA 125 HP, PESO SEM/COM LASTRO 10,20/11,65 T, LARGURA DE TRABALHO 1,73 M","CHI","0,0607000","77,02",4.67]
[null,"COMPOSICAO","96155","TRATOR DE PNEUS COM POTÊNCIA DE 85 CV, TRAÇÃO 4X4, COM VASSOURA MECÂNICA ACOPLADA","CHI","0,1071000","51,52",5.51]
[null,"COMPOSICAO","96157","TRATOR DE PNEUS COM POTÊNCIA DE 85 CV, TRAÇÃO 4X4, COM VASSOURA MECÂNICA ACOPLADA","CHP","0,0341000","126,43",4.3099999999999996]
[null,"COMPOSICAO","96463","ROLO COMPACTADOR DE PNEUS, ESTATICO, PRESSAO VARIAVEL, POTENCIA 110 HP, PESO SEM/COM LASTRO 10,8/27 T, LARGURA DE ROLAGEM 2,30 M ","CHP","0,0419000","197,38",8.27]
[null,"COMPOSICAO","96464","ROLO COMPACTADOR DE PNEUS, ESTATICO, PRESSAO VARIAVEL, POTENCIA 110 HP, PESO SEM/COM LASTRO 10,8/27 T, LARGURA DE ROLAGEM 2,30 M ","CHI","0,0990000","82,85",8.1999999999999993]
[{"$nulls":7},0]
[null,"PRODUÇÃO DA EQUIPE",null,null,1,"CUSTO ",null,{"$f":"SUM(H193:H204)","v":111.82000000000001}]
[null,"TOTAL",{"$nulls":5},{"$f":"H205/E205","v":111.82000000000001},"OK"]
[null,"BDI                %",{"$nulls":5},{"$f":"1+$M$1","v":1.2135}]
[null,"TOTAL DO SERVIÇO - R$",{"$nulls":5},{"$f":"ROUND(H206*H207,2)","v":135.69}]
[]
[13,"CODEVASF",null,null," COMPOSIÇÃO DE PREÇO UNITÁRIO",null,null,null,{"$f":"H219","v":1.6199999999999999},{"$f":"H221","v":1.97}]
[null,"OBRA:  ",{"$f":"$C$2","v":" PAVIMENTAÇÃO ASFÁLTICA EM CBUQ - VIAS DIVERSAS - BAIRRO CINQUENTENÁRIO (PIRAPORA / MG)"},null,null,null,"DATA: ",{"$f":"$H$2","v":" AGOSTO / 2023   "}]
[null,"SERVIÇO:  ",{"$f":"VLOOKUP(A210,ORÇAMENTO!$A$10:$I$29,3)","v":"TRANSPORTE COM CAMINHÃO BASCULANTE, EM VIA URBANA PAVIMENTADA"},null,"SINAPI",{"$f":"VLOOKUP(A210,ORÇAMENTO!$A$10:$I$29,4)","v":95877},"UNIDADE: ",{"$f":"VLOOKUP(A210,ORÇAMENTO!$A$10:$I$29,5)","v":"M3XKM"}]
[]
[null,"TIPO ITEM","CODIGO ITEM","DESCRIÇÃO ITEM","UNIDADE ITEM","COEFICIENTE","PRECO UNITARIO","CUSTO TOTAL"]
[null,"COMPOSICAO","89883","CAMINHÃO BASCULANTE 18 M3, COM CAVALO MECÂNICO DE CAPACIDADE MÁXIMA DE TRAÇÃO COMBINADO DE 45000 KG, POTÊNCIA 330 CV, INCLUSIVE SEMIREBOQUE COM CAÇAMBA METÁLICA","CHP","0,0046000","316,09",{"$f":"ROUNDDOWN(F215*G215,2)","v":1.45}]
[null,"COMPOSICAO","89884","CAMINHÃO BASCULANTE 18 M3, COM CAVALO MECÂNICO DE CAPACIDADE MÁXIMA DE TRAÇÃO COMBINADO DE 45000 KG, POTÊNCIA 330 CV, INCLUSIVE SEMIREBOQUE COM CAÇAMBA METÁLICA","CHI","0,0020000","86,09",0.17]
[{"$nulls":7},0]
[null,"PRODUÇÃO DA EQUIPE",null,null,1,"CUSTO ",null,{"$f":"SUM(H215:H217)","v":1.6199999999999999}]
[null,"TOTAL",{"$nulls":5},{"$f":"H218/E218","v":1.6199999999999999},"OK"]
[null,"BDI                %",{"$nulls":5},{"$f":"1+$M$1","v":1.2135}]
[null,"TOTAL DO SERVIÇO - R$",{"$nulls":5},{"$f":"ROUND(H219*H220,2)","v":1.97}]
[]
[13.5,"CODEVASF",null,null," COMPOSIÇÃO DE PREÇO UNITÁRIO",null,null,null,{"$f":"H232","v":0.65999999999999992},{"$f":"H234","v":0.8}]
[null,"OBRA:  ",{"$f":"$C$2","v":" PAVIMENTAÇÃO ASFÁLTICA EM CBUQ - VIAS DIVERSAS - BAIRRO CINQUENTENÁRIO (PIRAPORA / MG)"},null,null,null,"DATA: ",{"$f":"$H$2","v":" AGOSTO / 2023   "}]
[null,"SERVIÇO:  ",{"$f":"VLOOKUP(A223,ORÇAMENTO!$A$10:$I$29,3)","v":"TRANSPORTE COM CAMINHÃO BASCULANTE, EM VIA URBANA PAVIMENTADA - ADICIONAL PARA DMT EXCEDENTE A 30KM"},null,"SINAPI",{"$f":"VLOOKUP(A223,ORÇAMENTO!$A$10:$I$29,4)","v":95427},"UNIDADE: ",{"$f":"VLOOKUP(A223,ORÇAMENTO!$A$10:$I$29,5)","v":"M3XKM"}]
[]
[null,"TIPO ITEM","CODIGO ITEM","DESCRIÇÃO ITEM","UNIDADE ITEM","COEFICIENTE","PRECO UNITARIO","CUSTO TOTAL"]
[null,"COMPOSICAO","89883","CAMINHÃO BASCULANTE 18 M3, COM CAVALO MECÂNICO DE CAPACIDADE MÁXIMA DE TRAÇÃO COMBINADO DE 45000 KG, POTÊNCIA 330 CV, INCLUSIVE SEMIREBOQUE COM CAÇAMBA METÁLICA","CHP","0,0019000","316,09",{"$f":"ROUNDDOWN(F228*G228,2)","v":0.6}]
[null,"COMPOSICAO","89884","CAMINHÃO BASCULANTE 18 M3, COM CAVALO MECÂNICO DE CAPACIDADE MÁXIMA DE TRAÇÃO COMBINADO DE 45000 KG, POTÊNCIA 330 CV, INCLUSIVE SEMIREBOQUE COM CAÇAMBA METÁLICA","CHI","0,0008000","86,09",0.06]
[{"$nulls":7},0]
[null,"PRODUÇÃO DA EQUIPE",null,null,1,"CUSTO ",null,{"$f":"SUM(H228:H230)","v":0.65999999999999992}]
[null,"TOTAL",{"$nulls":5},{"$f":"H231/E231","v":0.65999999999999992},"OK"]
[null,"BDI                %",{"$nulls":5},{"$f":"1+$M$1","v":1.2135}]
[null,"TOTAL DO SERVIÇO - R$",{"$nulls":5},{"$f":"ROUND(H232*H233,2)","v":0.8}]
[]
[14,"CODEVASF",null,null," COMPOSIÇÃO DE PREÇO UNITÁRIO",null,null,null,{"$f":"H245","v":1.93},{"$f":"H247","v":2.34}]
[null,"OBRA:  ",{"$f":"$C$2","v":" PAVIMENTAÇÃO ASFÁLTICA EM CBUQ - VIAS DIVERSAS - BAIRRO CINQUENTENÁRIO (PIRAPORA / MG)"},null,null,null,"DATA: ",{"$f":"$H$2","v":" AGOSTO / 2023   "}]
[null,"SERVIÇO:  ",{"$f":"VLOOKUP(A236,ORÇAMENTO!$A$10:$I$29,3)","v":"TRANSPORTE COM CAMINHÃO CARROCERIA 9T, EM VIA URBANA PAVIMENTADA"},null,"SINAPI",{"$f":"VLOOKUP(A236,ORÇAMENTO!$A$10:$I$29,4)","v":100947},"UNIDADE: ",{"$f":"VLOOKUP(A236,ORÇAMENTO!$A$10:$I$29,5)","v":"TXKM"}]
[]
[null,"TIPO ITEM","CODIGO ITEM","DESCRIÇÃO ITEM","UNIDADE ITEM","COEFICIENTE","PRECO UNITARIO","CUSTO TOTAL"]
[null,"COMPOSICAO","5824","CAMINHÃO TOCO, PBT 16.000 KG, CARGA ÚTIL MÁX. 10.685 KG, DIST. ENTRE EIXOS 4,8 M, POTÊNCIA 189 CV, INCLUSIVE CARROCERIA FIXA ABERTA DE MADEIRA P/ TRANSPORTE GERAL DE CARGA SECA, DIMEN. APROX. 2,5 X 7,00 X 0,50 M ","CHP","0,0093000","184,66",{"$f":"ROUNDDOWN(F241*G241,2)","v":1.71}]
[null,"COMPOSICAO","5826","CAMINHÃO TOCO, PBT 16.000 KG, CARGA ÚTIL MÁX. 10.685 KG, DIST. ENTRE EIXOS 4,8 M, POTÊNCIA 189 CV, INCLUSIVE CARROCERIA FIXA ABERTA DE MADEIRA P/ TRANSPORTE GERAL DE CARGA SECA, DIMEN. APROX. 2,5 X 7,00 X 0,50 M ","CHI","0,0040000","56,91",0.22]
[{"$nulls":7},0]
[null,"PRODUÇÃO DA EQUIPE",null,null,1,"CUSTO ",null,{"$f":"SUM(H241:H243)","v":1.93}]
[null,"TOTAL",{"$nulls":5},{"$f":"H244/E244","v":1.93},"OK"]
[null,"BDI                %",{"$nulls":5},{"$f":"1+$M$1","v":1.2135}]
[null,"TOTAL DO SERVIÇO - R$",{"$nulls":5},{"$f":"ROUND(H245*H246,2)","v":2.34}]
[]
[15,"CODEVASF",null,null," COMPOSIÇÃO DE PREÇO UNITÁRIO",null,null,null,{"$f":"H257","v":0.47},{"$f":"H259","v":0.54}]
[null,"OBRA:  ",{"$f":"$C$2","v":" PAVIMENTAÇÃO ASFÁLTICA EM CBUQ - VIAS DIVERSAS - BAIRRO CINQUENTENÁRIO (PIRAPORA / MG)"},null,null,null,"DATA: ",{"$f":"$H$2","v":" AGOSTO / 2023   "}]
[null,"SERVIÇO:  ",{"$f":"VLOOKUP(A249,ORÇAMENTO!$A$10:$I$29,3)","v":"TRANSPORTE COM CAMINHÃO TANQUE DE TRANSPORTE DE MATERIAL ASFÁLTICO DE 30000 L, EM VIA URBANA PAVIMENTADA (BDI DIFERENCIADO)"},null,"SINAPI",{"$f":"VLOOKUP(A249,ORÇAMENTO!$A$10:$I$29,4)","v":102331},"UNIDADE: ",{"$f":"VLOOKUP(A249,ORÇAMENTO!$A$10:$I$29,5)","v":"TXKM"}]
[]
[null,"TIPO ITEM","CODIGO ITEM","DESCRIÇÃO ITEM","UNIDADE ITEM","COEFICIENTE","PRECO UNITARIO","CUSTO TOTAL"]
[null,"COMPOSICAO","91645","CAMINHÃO DE TRANSPORTE DE MATERIAL ASFÁLTICO 30.000 L, COM CAVALO MECÂNICO DE CAPACIDADE MÁXIMA DE TRAÇÃO COMBINADO DE 66.000 KG, POTÊNCIA 360 CV, INCLUSIVE TANQUE DE ASFALTO COM SERPENTINA ","CHP","0,0011000","399,12",{"$f":"ROUNDDOWN(F254*G254,2)","v":0.43}]
[null,"COMPOSICAO","91646","CAMINHÃO DE TRANSPORTE DE MATERIAL ASFÁLTICO 30.000 L, COM CAVALO MECÂNICO DE CAPACIDADE MÁXIMA DE TRAÇÃO COMBINADO DE 66.000 KG, POTÊNCIA 360 CV, INCLUSIVE TANQUE DE ASFALTO COM SERPENTINA ","CHI","0,0005000","91,45",0.04]
[null,"PRODUÇÃO DA EQUIPE",null,null,1,"CUSTO ",null,{"$f":"SUM(H254:H255)","v":0.47}]
[null,"TOTAL",{"$nulls":5},{"$f":"H256/E256","v":0.47},"OK"]
[null,"BDI                %",{"$nulls":5},{"$f":"1+$M$2","v":1.1499999999999999}]
[null,"TOTAL DO SERVIÇO - R$",{"$nulls":5},{"$f":"ROUND(H257*H258,2)","v":0.54}]
[]
[16,"CODEVASF",null,null," COMPOSIÇÃO DE PREÇO UNITÁRIO",null,null,null,{"$f":"H276","v":57.379999999999988},{"$f":"H278","v":69.63}]
[null,"OBRA:  ",{"$f":"$C$2","v":" PAVIMENTAÇÃO ASFÁLTICA EM CBUQ - VIAS DIVERSAS - BAIRRO CINQUENTENÁRIO (PIRAPORA / MG)"},null,null,null,"DATA: ",{"$f":"$H$2","v":" AGOSTO / 2023   "}]
[null,"SERVIÇO:  ",{"$f":"VLOOKUP(A261,ORÇAMENTO!$A$10:$I$29,3)","v":"GUIA (MEIO-FIO) E SARJETA CONJUGADOS DE CONCRETO, MOLDADA IN LOCO COM EXTRUSORA, 45 CM BASE (15 CM BASE DA GUIA + 30 CM BASE DA SARJETA) X 22 CM ALTURA"},null,"SINAPI",{"$f":"VLOOKUP(A261,ORÇAMENTO!$A$10:$I$29,4)","v":94267},"UNIDADE: ",{"$f":"VLOOKUP(A261,ORÇAMENTO!$A$10:$I$29,5)","v":"M"}]
[]
[null,"TIPO ITEM","CODIGO ITEM","DESCRIÇÃO ITEM","UNIDADE ITEM","COEFICIENTE","PRECO UNITARIO","CUSTO TOTAL"]
[null,"INSUMO","370","AREIA MEDIA - POSTO JAZIDA/FORNECEDOR (RETIRADO NA JAZIDA, SEM TRANSPORTE)","M3","0,0150000","97,50",{"$f":"ROUNDDOWN(F266*G266,2)","v":1.46}]
[null,"INSUMO","34492","CONCRETO USINADO BOMBEAVEL, CLASSE DE RESISTENCIA C20, COM BRITA 0 E 1, SLUMP = 100 +/- 20 MM","M3","0,0630000","550,00",34.65]
[null,"COMPOSICAO","88243","AJUDANTE ESPECIALIZADO COM ENCARGOS COMPLEMENTARES","H","0,1090000","21,76",2.37]
[null,"COMPOSICAO","88309","PEDREIRO COM ENCARGOS COMPLEMENTARES","H","0,2440000","27,45",6.69]
[null,"COMPOSICAO","88316","SERVENTE COM ENCARGOS COMPLEMENTARES","H","0,4870000","19,76",9.6199999999999992]
[null,"COMPOSICAO","88631","ARGAMASSA TRAÇO 1:4 (EM VOLUME DE CIMENTO E AREIA MÉDIA ÚMIDA), PREPARO MANUAL","M3","0,0030000","579,77",1.73]
[null,"COMPOSICAO","92960","MÁQUINA EXTRUSORA DE CONCRETO PARA GUIAS E SARJETAS, MOTOR A DIESEL, POTÊNCIA 14 CV ","CHP","0,0180000","18,83",0.33]
[null,"COMPOSICAO","92961","MÁQUINA EXTRUSORA DE CONCRETO PARA GUIAS E SARJETAS, MOTOR A DIESEL, POTÊNCIA 14 CV","CHI","0,0910000","5,89",0.53]
[{"$nulls":7},0]
[null,"PRODUÇÃO DA EQUIPE",null,null,1,"CUSTO ",null,{"$f":"SUM(H266:H274)","v":57.379999999999988}]
[null,"TOTAL",{"$nulls":5},{"$f":"H275/E275","v":57.379999999999988},"OK"]
[null,"BDI                %",{"$nulls":5},{"$f":"1+$M$1","v":1.2135}]
[null,"TOTAL DO SERVIÇO - R$",{"$nulls":5},{"$f":"ROUND(H276*H277,2)","v":69.63}]
[]
[17,"CODEVASF",null,null," COMPOSIÇÃO DE PREÇO UNITÁRIO",null,null,null,{"$f":"H294","v":444.46000000000004},{"$f":"H296","v":539.35}]
[null,"OBRA:  ",{"$f":"$C$2","v":" PAVIMENTAÇÃO ASFÁLTICA EM CBUQ - VIAS DIVERSAS - BAIRRO CINQUENTENÁRIO (PIRAPORA / MG)"},null,null,null,"DATA: ",{"$f":"$H$2","v":" AGOSTO / 2023   "}]
[null,"SERVIÇO:  ",{"$f":"VLOOKUP(A280,ORÇAMENTO!$A$10:$I$35,3)","v":"FORNECIMENTO E INSTALAÇÃO DE PLACA DE SINALIZAÇÃO VIÁRIA - REGULAMENTAÇÃO OCTOGONAL (PARE) 0,60MX0,60M"},null,"SINAPI",{"$f":"VLOOKUP(A280,ORÇAMENTO!$A$10:$I$39,4)","v":"CPU.4"},"UNIDADE: ","UN."]
[]
[null,"TIPO ITEM","CODIGO ITEM","DESCRIÇÃO ITEM","UNIDADE ITEM","COEFICIENTE","PRECO UNITARIO","CUSTO TOTAL"]
[null,"COMPOSICAO",94962,"CONCRETO MAGRO PARA LASTRO, TRAÇO 1:4,5:4,5 (EM MASSA SECA DE CIMENTO/ AREIA / BRITA 1)","M3",2.4E-2,391.41,{"$f":"ROUNDDOWN(F285*G285,2)","v":9.39}]
[null,"COMPOSICAO",93358,"ESCAVAÇÃO MANUAL DE VALA COM PROFUNDIDADE MENOR OU IGUAL A 1,30 M","M3",2.4E-2,78.17,1.87]
[null,"COMPOSICAO",88309,"PEDREIRO COM ENCARGOS COMPLEMENTARES","H",0.2,27.45,5.49]
[null,"COMPOSICAO",88316,"SERVENTE COM ENCARGOS COMPLEMENTARES","H",1,19.760000000000002,19.760000000000002]
[null,"COMPOSICAO",103670,"LANÇAMENTO COM USO DE BALDES, ADENSAMENTO E ACABAMENTO DE CONCRETO EM ESTRUTURAS","M3",2.4E-2,281.76,6.76]
[null,"INSUMO",34723,"PLACA DE SINALIZACAO EM CHAPA DE ACO NUM 16 COM PINTURA REFLETIVA (CIRCULAR - D=50CM) ","M2",{"$f":"4*0.25*0.3","v":0.3},577.5,173.25]
[null,"INSUMO",21013,"TUBO AÇO GALVANIZADO COM COSTURA, CLASSE LEVE, DN 50 MM ( 2\")E = 3,00 MM, 4,40 KG/M","M",3,75.98,227.94]
[{"$nulls":7},0]
[null,"PRODUÇÃO DA EQUIPE",null,null,1,"CUSTO ",null,{"$f":"SUM(H285:H292)","v":444.46000000000004}]
[null,"TOTAL",{"$nulls":5},{"$f":"H293/E293","v":444.46000000000004},"OK"]
[null,"BDI                %",{"$nulls":5},{"$f":"1+$M$1","v":1.2135}]
[null,"TOTAL DO SERVIÇO - R$",{"$nulls":5},{"$f":"ROUND(H294*H295,2)","v":539.35}]
[]
[18,"CODEVASF",null,null," COMPOSIÇÃO DE PREÇO UNITÁRIO",null,null,null,{"$f":"H312","v":234.21999999999997},{"$f":"H314","v":284.23}]
[null,"OBRA:  ",{"$f":"$C$2","v":" PAVIMENTAÇÃO ASFÁLTICA EM CBUQ - VIAS DIVERSAS - BAIRRO CINQUENTENÁRIO (PIRAPORA / MG)"},null,null,null,"DATA: ",{"$f":"$H$2","v":" AGOSTO / 2023   "}]
[null,"SERVIÇO:  ",{"$f":"VLOOKUP(A298,ORÇAMENTO!$A$10:$I$35,3)","v":"FORNECIMENTO E INSTALAÇÃO DE PLACA DE IDENTIFICACAO DE RUA EM CHAPA DE AÇO PINTADA COM PELÍCULA DE ALTA INTENSIDADE, 45 CM X 20 CM - INCLUSIVE SUPORTE DE MADEIRA, CONFORME PROJETO (02 PLACAS POR SUPORTE)                                  "},null,"SINAPI",{"$f":"VLOOKUP(A298,ORÇAMENTO!$A$10:$I$39,4)","v":"CPU.5"},"UNIDADE: ","UN."]
[]
[null,"TIPO ITEM","CODIGO ITEM","DESCRIÇÃO ITEM","UNIDADE ITEM","COEFICIENTE","PRECO UNITARIO","CUSTO TOTAL"]
[null,"INSUMO",13521,"PLACA DE ACO ESMALTADA PARA  IDENTIFICACAO DE RUA, *45 CM X 20* CM  ","UNID.",2,82.5,{"$f":"ROUNDDOWN(F303*G303,2)","v":165}]
[null,"COMPOSICAO",94962,"CONCRETO MAGRO PARA LASTRO, TRAÇO 1:4,5:4,5 (EM MASSA SECA DE CIMENTO/ AREIA / BRITA 1)","M3",2.4E-2,391.41,9.39]
[null,"COMPOSICAO",93358,"ESCAVAÇÃO MANUAL DE VALA COM PROFUNDIDADE MENOR OU IGUAL A 1,30 M","M3",2.4E-2,78.17,1.87]
[null,"COMPOSICAO",88309,"PEDREIRO COM ENCARGOS COMPLEMENTARES","H",0.2,27.45,5.49]
[null,"COMPOSICAO",88316,"SERVENTE COM ENCARGOS COMPLEMENTARES","H",1,19.760000000000002,19.760000000000002]
[null,"COMPOSICAO",103670,"LANÇAMENTO COM USO DE BALDES, ADENSAMENTO E ACABAMENTO DE CONCRETO EM ESTRUTURAS","M3",2.4E-2,281.76,6.76]
[null,"INSUMO",4491,"POSTE DE SUISTENTAÇÃO EM MADEIRA DE LEI -7,5 X 7,5 CM","M",3,8.65,25.95]
[{"$nulls":7},0]
[null,"PRODUÇÃO DA EQUIPE",null,null,1,"CUSTO ",null,{"$f":"SUM(H303:H310)","v":234.21999999999997}]
[null,"TOTAL",{"$nulls":5},{"$f":"H311/E311","v":234.21999999999997},"OK"]
[null,"BDI                %",{"$nulls":5},{"$f":"1+$M$1","v":1.2135}]
[null,"TOTAL DO SERVIÇO - R$",{"$nulls":5},{"$f":"ROUND(H312*H313,2)","v":284.23}]
[]
[19,"CODEVASF",null,null," COMPOSIÇÃO DE PREÇO UNITÁRIO",null,null,null,{"$f":"H330","v":38.950000000000003},{"$f":"H332","v":47.27}]
[null,"OBRA:  ",{"$f":"$C$2","v":" PAVIMENTAÇÃO ASFÁLTICA EM CBUQ - VIAS DIVERSAS - BAIRRO CINQUENTENÁRIO (PIRAPORA / MG)"},null,null,null,"DATA: ",{"$f":"$H$2","v":" AGOSTO / 2023   "}]
[null,"SERVIÇO:  ",{"$f":"VLOOKUP(A316,ORÇAMENTO!$A$10:$I$35,3)","v":"PINTURA DE FAIXA COM TINTA ACRÍLICA - ESPESSURA DE 0,10 MM"},null,"SICRO",{"$f":"VLOOKUP(A316,ORÇAMENTO!$A$10:$I$39,4)","v":5213401},"UNIDADE: ",{"$f":"VLOOKUP(A316,ORÇAMENTO!$A$10:$I$39,5)","v":"M2"}]
[]
[null,"TIPO ITEM","CODIGO ITEM","DESCRIÇÃO ITEM","UNIDADE ITEM","COEFICIENTE","PRECO UNITARIO","CUSTO TOTAL"]
[null,"COMPOSICAO",95133,"CAMINHÃO DEMARCADOR DE FAIXAS COM SISTEMA DE PINTURA A FRIO - 28 KW/115 KW","CHP",6.6934400000000002E-3,166.26,{"$f":"ROUNDDOWN(F321*G321,2)","v":1.1100000000000001}]
[null,"COMPOSICAO","P9853","PRÉ-MARCADOR","H",{"$f":"1/149.4","v":6.6934404283801874E-3},20.939,0.14000000000000001]
[null,"COMPOSICAO","88316","SERVENTE COM ENCARGOS COMPLEMENTARES","H",{"$f":"4/149.4","v":2.677376171352075E-2},19.760000000000002,0.52]
[null,"INSUMO",44478,"MICROESFERAS REFLETIVAS DE VIDRO TIPO I-B","KG",0.12,10.24,1.22]
[null,"INSUMO",44477,"MICROESFERAS REFLETIVAS DE VIDRO TIPO II-A","KG",0.35,10.24,3.58]
[null,"INSUMO","M2034","SOLVENTE PARA TINTA À BASE DE RESINA ACRÍLICA","L",0.03,15.669,0.47]
[null,"INSUMO","M2044","TINTA À BASE DE RESINA ACRÍLICA EMULSIONADA EM ÁGUA PARA PRÉ-MARCAÇÃO VIÁRIA","L",9.7000000000000005E-4,20.867899999999999,0.02]
[null,"INSUMO","M2027","TINTA À BASE DE RESINA ACRÍLICA ESTIRENADA PARA DEMARCAÇÃO VIÁRIA","L",0.6,53.165700000000001,31.89]
[null,"PRODUÇÃO DA EQUIPE",null,null,1,"CUSTO ",null,{"$f":"SUM(H321:H328)","v":38.950000000000003}]
[null,"TOTAL",{"$nulls":5},{"$f":"H329/E329","v":38.950000000000003},"OK"]
[null,"BDI                %",{"$nulls":5},{"$f":"1+$M$1","v":1.2135}]
[null,"TOTAL DO SERVIÇO - R$",{"$nulls":5},{"$f":"ROUND(H330*H331,2)","v":47.27}]
[]
[20,"CODEVASF",null,null," COMPOSIÇÃO DE PREÇO UNITÁRIO",null,null,null,{"$f":"H342","v":2272.33},{"$f":"H344","v":2613.1799999999998}]
[null,"OBRA:  ",{"$f":"$C$2","v":" PAVIMENTAÇÃO ASFÁLTICA EM CBUQ - VIAS DIVERSAS - BAIRRO CINQUENTENÁRIO (PIRAPORA / MG)"},null,null,null,"DATA: ",{"$f":"$H$2","v":" AGOSTO / 2023   "}]
[null,"SERVIÇO:  ",{"$f":"VLOOKUP(A334,ORÇAMENTO!$A$10:$I$44,3)","v":"AQUISIÇÃO DE EMULSÃO ASFÁLTICA PARA IMPRIMAÇÃO (EAI) - EXCLUSIVE TRANSPORTE"},null,"ANP",{"$f":"VLOOKUP(A334,ORÇAMENTO!$A$10:$I$44,4)","v":"CPU.6"},"UNIDADE: ",{"$f":"VLOOKUP(A334,ORÇAMENTO!$A$10:$I$44,5)","v":"T"}]
[]
[null,"TIPO ITEM","CODIGO ITEM","DESCRIÇÃO ITEM","UNIDADE ITEM","COEFICIENTE","PRECO UNITARIO","CUSTO TOTAL"]
[null,"INSUMO","ANP","EMULSÃO ASFÁLTICA PARA IMPRIMAÇÃO (CUSTO ANP, INCLUINDO ICMS 18%)","T",1,{"$f":"2.27112*1000+1.2195122","v":2272.3395121999997},{"$f":"ROUNDDOWN(F339*G339,2)","v":2272.33}]
[{"$nulls":7},{"$f":"ROUNDDOWN(F340*G340,2)","v":0}]
[null,"PRODUÇÃO DA EQUIPE",null,null,1,"CUSTO ",null,{"$f":"SUM(H339:H340)","v":2272.33}]
[null,"TOTAL",{"$nulls":5},{"$f":"H341/E341","v":2272.33}]
[null,"BDI                %",{"$nulls":5},{"$f":"1+$M$2","v":1.1499999999999999}]
[null,"TOTAL DO SERVIÇO - R$",{"$nulls":5},{"$f":"ROUND(H342*H343,2)","v":2613.1799999999998},"OK"]
[]
[21,"CODEVASF",null,null," COMPOSIÇÃO DE PREÇO UNITÁRIO",null,null,null,{"$f":"H354","v":3322.69},{"$f":"H356","v":3821.09}]
[null,"OBRA:  ",{"$f":"$C$2","v":" PAVIMENTAÇÃO ASFÁLTICA EM CBUQ - VIAS DIVERSAS - BAIRRO CINQUENTENÁRIO (PIRAPORA / MG)"},null,null,null,"DATA: ",{"$f":"$H$2","v":" AGOSTO / 2023   "}]
[null,"SERVIÇO:  ",{"$f":"VLOOKUP(A346,ORÇAMENTO!$A$10:$I$44,3)","v":"AQUISIÇÃO DE EMULSAO ASFALTICA CATIONICA RR-2C - EXCLUSIVE TRANSPORTE"},null,"ANP",{"$f":"VLOOKUP(A346,ORÇAMENTO!$A$10:$I$44,4)","v":"CPU.7"},"UNIDADE: ",{"$f":"VLOOKUP(A346,ORÇAMENTO!$A$10:$I$44,5)","v":"T"}]
[]
[null,"TIPO ITEM","CODIGO ITEM","DESCRIÇÃO ITEM","UNIDADE ITEM","COEFICIENTE","PRECO UNITARIO","CUSTO TOTAL"]
[null,"INSUMO","ANP","EMULSÃO ASFÁLTICA CATIÔNICA RR-2C(CUSTO ANP, INCLUINDO ICMS 18%)","T",1,{"$f":"2.72461*1.2195122*1000","v":3322.6951352420001},{"$f":"ROUNDDOWN(F351*G351,2)","v":3322.69}]
[{"$nulls":7},{"$f":"ROUNDDOWN(F352*G352,2)","v":0}]
[null,"PRODUÇÃO DA EQUIPE",null,null,1,"CUSTO ",null,{"$f":"SUM(H351:H351)","v":3322.69}]
[null,"TOTAL",{"$nulls":5},{"$f":"H353/E353","v":3322.69},"OK"]
[null,"BDI                %",{"$nulls":5},{"$f":"1+$M$2","v":1.1499999999999999}]
[null,"TOTAL DO SERVIÇO - R$",{"$nulls":5},{"$f":"ROUND(H354*H355,2)","v":3821.09}]
[]
[22,"CODEVASF",null,null," COMPOSIÇÃO DE PREÇO UNITÁRIO",null,null,null,{"$f":"H366","v":597.5},{"$f":"H368","v":687.13}]
[null,"OBRA:  ",{"$f":"$C$2","v":" PAVIMENTAÇÃO ASFÁLTICA EM CBUQ - VIAS DIVERSAS - BAIRRO CINQUENTENÁRIO (PIRAPORA / MG)"},null,null,null,"DATA: ",{"$f":"$H$2","v":" AGOSTO / 2023   "}]
[null,"SERVIÇO:  ",{"$f":"VLOOKUP(A358,ORÇAMENTO!$A$10:$I$44,3)","v":"AQUISIÇÃO DE CONCRETO BETUMINOSO USINADO A QUENTE (CBUQ) PARA PAVIMENTACAO ASFALTICA, PADRAO DNIT, FAIXA C, COM CAP 50/70 - EXCLUSIVE TRANSPORTE"},null,"COTAÇÃO",{"$f":"VLOOKUP(A358,ORÇAMENTO!$A$10:$I$44,4)","v":"CPU.8"},"UNIDADE: ",{"$f":"VLOOKUP(A358,ORÇAMENTO!$A$10:$I$44,5)","v":"T"}]
[]
[null,"TIPO ITEM","CODIGO ITEM","DESCRIÇÃO ITEM","UNIDADE ITEM","COEFICIENTE","PRECO UNITARIO","CUSTO TOTAL"]
[null,"INSUMO",1518,"CONCRETO BETUMINOSO USINADO A QUENTE (CBUQ) PARA PAVIMENTACAO ASFALTICA, PADRAO DNIT, FAIXA C, COM CAP 50/70 - AQUISICAO POSTO USINA","T",1,597.5,{"$f":"ROUNDDOWN(F363*G363,2)","v":597.5}]
[{"$nulls":7},{"$f":"ROUNDDOWN(F364*G364,2)","v":0}]
[null,"PRODUÇÃO DA EQUIPE",null,null,1,"CUSTO ",null,{"$f":"SUM(H363:H363)","v":597.5}]
[null,"TOTAL",{"$nulls":5},{"$f":"H365/E365","v":597.5},"OK"]
[null,"BDI                %",{"$nulls":5},{"$f":"1+$M$2","v":1.1499999999999999}]
[null,"TOTAL DO SERVIÇO - R$",{"$nulls":5},{"$f":"ROUND(H366*H367,2)","v":687.13}]

{"sheet":"BDI SERV","index":2,"n_rows":37,"n_cols":7,"rows_kept":37,"cut":false,"hidden":false,"merged":[[32,6,35,8],[36,0,36,5],[3,1,4,1],[3,2,4,2],[0,1,2,4],[32,0,34,5],[28,0,28,5],[30,1,30,2],[31,1,31,2]]}
[null,"DETALHAMENTO DO BDI - SERVIÇOS"]
[]
[]
[null,"Item","Descrição dos Serviços","%","%"]
[null,null,null,"PV","CD"]
[]
[null,1,"ADMINISTRAÇÃO CENTRAL"," ",4.01]
[null,"1.1","ESCRITÓRIO CENTRAL"," "," "]
[null,"1.2","VIAGENS"," "," "]
[null,"1.3","OUTROS"," "," "]
[null," "," "," "," "]
[null,2,"IMPOSTOS E TAXAS",{"$f":"SUM(D13:D16)","v":6.15},{"$f":"SUM(E13:E16)","v":7.6899999999999995}]
[null,"2.1","ISS (*)",{"$f":"5*0.5","v":2.5},{"$f":"ROUND(D13*1.2515,2)","v":3.13}]
[null,"2.2","PIS",0.65,0.81]
[null,"2.3","Cofins",3,3.75]
[null,"2.4","CONTRIBUIÇÃO PREVIDENCIÁRIA SOBRE A RENDA BRUTA",0,0]
[]
[null,3,"TAXA DE RISCO"," ",{"$f":"SUM(E19:E22)","v":0.96}]
[null,"3.1","SEGURO",null,0.2]
[null,"3.2","RISCO",null,0.56000000000000005]
[null,"3.3","GARANTIA",null,0.2]
[]
[null,4,"DESPESAS FINANCEIRAS"," ",1.1100000000000001]
[]
[null,5,"LUCRO",null,7.3]
[]
[null," ","BDI - CALCULADO"," ",{"$f":"ROUND((((1+(E7+E18)/100)*(1+E23/100)*(1+E25/100)/(1-D12/100)-1)*100),2)","v":21.35}]
[]
["BDI = ((1+((AC+S+R+G)/100))x(1+DF/100)x(1+L/100)/(1-I/100)-1)*100"]
[]
[null,"BDI (CALCULADO):",null,{"$f":"ROUND((((1+((E7+E18)/100))*(1+E23/100)*(1+E25/100))/(1-D12/100)-1)*100,2)","v":21.35},"%"]
[null," "]
["(*) ISS CONFORME LEI MUNICIPAL Nº 1.815 / 2005 - Considerando as deduções previstas no Art. 106 - § 2º (Dedução de 50% sem necessidade de comprovação)",{"$nulls":5},"INFORMADO PELO LUCIANO SOBRE A PREVISÃO DESSA DEDUÇÃO - VIA WHATSAPP"]
[]
[]
[]
["BDI EM CONFORMIDADE COM OS ACÓRDÃOS Nº 2369/2011 e ACÓRDÃO Nº 2.622/2013 - TCU - PLENÁRIO"]

{"sheet":"BDI FORN","index":3,"n_rows":37,"n_cols":5,"rows_kept":37,"cut":false,"hidden":false,"merged":[[0,1,2,4],[28,0,28,5],[30,1,30,2],[31,1,31,2],[36,0,36,5],[3,1,4,1],[3,2,4,2],[32,0,34,5]]}
[null,"DETALHAMENTO DO BDI - FORNECIMENTO \n(MATERIAL ASFÁLTICO)"]
[]
[]
[null,"Item","Descrição dos Serviços","%","%"]
[null,null,null,"PV","CD"]
[]
[null,1,"ADMINISTRAÇÃO CENTRAL"," ",3.72]
[null,"1.1","ESCRITÓRIO CENTRAL"," "," "]
[null,"1.2","VIAGENS"," "," "]
[null,"1.3","OUTROS"," "," "]
[null," "," "," "," "]
[null,2,"IMPOSTOS E TAXAS",{"$f":"SUM(D13:D16)","v":3.65},{"$f":"SUM(E13:E16)","v":4.5600000000000005}]
[null,"2.1","ISS (*)",null,{"$f":"ROUND(D13*1.2515,2)","v":0}]
[null,"2.2","PIS",0.65,0.81]
[null,"2.3","Cofins",3,3.75]
[null,"2.4","CONTRIBUIÇÃO PREVIDENCIÁRIA SOBRE A RENDA BRUTA",0,0]
[]
[null,3,"TAXA DE RISCO"," ",{"$f":"SUM(E19:E22)","v":0.82000000000000006}]
[null,"3.1","SEGURO",null,0.16]
[null,"3.2","RISCO",null,0.5]
[null,"3.3","GARANTIA",null,0.16]
[]
[null,4,"DESPESAS FINANCEIRAS"," ",0.94]
[]
[null,5,"LUCRO",null,5]
[]
[null," ","BDI - CALCULADO"," ",{"$f":"ROUND((((1+(E7+E18)/100)*(1+E23/100)*(1+E25/100)/(1-D12/100)-1)*100),2)","v":15}]
[]
["BDI = ((1+((AC+S+R+G)/100))x(1+DF/100)x(1+L/100)/(1-I/100)-1)*100"]
[]
[null,"BDI (CALCULADO):",null,{"$f":"ROUND((((1+((E7+E18)/100))*(1+E23/100)*(1+E25/100))/(1-D12/100)-1)*100,2)","v":15},"%"]
[null," "]
[]
[]
[]
[]
["BDI EM CONFORMIDADE COM OS ACÓRDÃOS Nº 2369/2011 e ACÓRDÃO Nº 2.622/2013 - TCU - PLENÁRIO"]

{"sheet":"CRONOGRAMA","index":4,"n_rows":19,"n_cols":12,"rows_kept":19,"cut":false,"hidden":false,"merged":[[15,1,16,2],[18,1,22,11],[7,2,8,2],[9,2,10,2],[11,2,12,2],[13,2,14,2],[7,0,8,0],[9,0,10,0],[11,0,12,0],[13,0,14,0],[1,1,2,1],[5,1,6,1],[7,1,8,1],[9,1,10,1],[11,1,12,1],[13,1,14,1],[0,1,0,11],[3,1,3,9],[5,0,6,0],[5,2,6,2],[1,2,2,4],[1,6,1,11],[2,6,2,11]]}
[null,"CRONOGRAMA FÍSICO-FINANCEIRO"]
[null,"OBRA: ",{"$f":"ORÇAMENTO!C5","v":" PAVIMENTAÇÃO ASFÁLTICA EM CBUQ - VIAS DIVERSAS - BAIRRO CINQUENTENÁRIO (PIRAPORA / MG)"},null,null,"VALOR:",{"$f":"ORÇAMENTO!I37","v":2495555.62}]
[{"$nulls":5},"PRAZO: ","180 DIAS "]
[]
[null,"ITEM","ETAPAS/DESCRIÇAO","FISICO/  FINANCEIRO","TOTAL    ETAPAS","MÊS 1","MÊS 2","MÊS 3","MÊS 4","MÊS 5","MÊS 6","TOTAL"]
["A",{"$f":"VLOOKUP(A6,ORÇAMENTO!$A$9:$I$37,2)","v":1},{"$f":"VLOOKUP(A6,ORÇAMENTO!$A$9:$I$37,3)","v":"SERVIÇOS PRELIMINARES "},"FISICO ",{"$f":"ROUND(E7/$G$2,4)","v":7.9600000000000004E-2},0.1,0.2,0.2,0.2,0.2,0.1,{"$f":"SUM(F6:K6)","v":0.99999999999999989}]
[null,null,null,"FINANCEIRO",{"$f":"ORÇAMENTO!I9","v":198625.20999999996},{"$f":"ROUND($E$7*F6,2)","v":19862.52},39725.040000000001,39725.040000000001,39725.040000000001,39725.040000000001,19862.52,{"$f":"SUM(F7:K7)","v":198625.2}]
["B",{"$f":"VLOOKUP(A8,ORÇAMENTO!$A$9:$I$37,2)","v":2},{"$f":"VLOOKUP(A8,ORÇAMENTO!$A$9:$I$37,3)","v":"TERRAPLANAGEM E PAVIMENTAÇÃO"},"FISICO ",{"$f":"ROUND(E9/$G$2,4)","v":0.1719},0.1,0.2,0.2,0.2,0.2,0.1,{"$f":"SUM(F8:K8)","v":0.99999999999999989}]
[null,null,null,"FINANCEIRO",{"$f":"ORÇAMENTO!I15","v":428939.4},{"$f":"ROUND($E$9*F8,2)","v":42893.94},85787.88,85787.88,85787.88,85787.88,42893.94,{"$f":"SUM(F9:K9)","v":428939.4}]
["C",{"$f":"VLOOKUP(A10,ORÇAMENTO!$A$9:$I$37,2)","v":3},{"$f":"VLOOKUP(A10,ORÇAMENTO!$A$9:$I$37,3)","v":"TRANSPORTE DE MATERIAIS"},"FISICO ",{"$f":"ROUND(E11/$G$2,4)","v":0.17949999999999999},0.1,0.2,0.2,0.2,0.2,0.1,{"$f":"SUM(F10:K10)","v":0.99999999999999989}]
[null,null,null,"FINANCEIRO",{"$f":"ORÇAMENTO!I23","v":447908},{"$f":"ROUND($E$11*F10,2)","v":44790.8},89581.6,89581.6,89581.6,89581.6,44790.8,{"$f":"SUM(F11:K11)-0.04","v":447907.96000000008}]
["D",{"$f":"VLOOKUP(A12,ORÇAMENTO!$A$9:$I$37,2)","v":4},{"$f":"VLOOKUP(A12,ORÇAMENTO!$A$9:$I$37,3)","v":"OBRAS COMPLEMENTARES"},"FISICO ",{"$f":"ROUND(E13/$G$2,4)","v":0.12590000000000001},0,0.2,0.2,0.2,0.2,0.2,{"$f":"SUM(F12:K12)","v":1}]
[null,null,null,"FINANCEIRO",{"$f":"ORÇAMENTO!I28","v":314195.12},{"$f":"ROUND($E$13*F12,2)","v":0},62839.02,62839.02,62839.02,62839.02,62839.02,{"$f":"SUM(F13:K13)-0.02","v":314195.07999999996}]
["E",{"$f":"VLOOKUP(A14,ORÇAMENTO!$A$9:$I$37,2)","v":5},{"$f":"VLOOKUP(A14,ORÇAMENTO!$A$9:$I$37,3)","v":"FORNECIMENTOS - MATERIAL ASFÁLTICO (BDI DIFERENCIADO)"},"FISICO ",{"$f":"ROUND(E15/$G$2,4)","v":0.44309999999999999},0.1,0.2,0.2,0.2,0.2,0.1,{"$f":"SUM(F14:K14)","v":0.99999999999999989}]
[null,null,null,"FINANCEIRO",{"$f":"ORÇAMENTO!I33","v":1105887.8899999999},{"$f":"ROUND($E$15*F14,2)","v":110588.79},{"$f":"ROUND($E$15*G14,2)","v":221177.58},221177.58,221177.58,221177.58,110588.79,{"$f":"SUM(F15:K15)-0.02","v":1105887.8799999999}]
[null,"TOTAL",null,"FISICO ",{"$f":"SUM(F16:K16)","v":0.99999999198575262},{"$f":"F17/$E$17","v":8.7409812969826722E-2},{"$f":"G17/$E$17","v":0.19999999839715052},0.19999999839715052,0.19999999839715052,0.19999999839715052,0.1125901854273238,{"$f":"SUM(F16:K16)","v":0.99999999198575262}]
[null,null,null,"FINANCEIRO",{"$f":"E11+E9+E7+E13+E15","v":2495555.62},{"$f":"F11+F9+F7+F13+F15","v":218136.05},{"$f":"G11+G9+G7+G13+G15","v":499111.12},499111.12,499111.12,499111.12,280975.07,{"$f":"SUM(F17:K17)+0.02","v":2495555.62}]
[]
[null,"OBSERVAÇÕES:"]